{"text_format":"3","workbook":"xlsx","n_sheets":1,"sheets":["Предв протокол по истории"],"not_rendered":{"defined_names":1},"read":"whole","date_system":"1900"}

{"sheet":"Предв протокол по истории","index":0,"n_rows":685,"n_cols":15,"rows_kept":685,"merged":[[0,1,0,10]]}
[null,"Итоговый протокол по Истории"]
["№","Название ОУ","Фамилия","Имя","Отчество","Пол","Класс","Класс участия","Первичный балл","Добавлено по итогам апелляций","Итоговый балл","Макс. Балл","Статус","Учитель","Место работы учителя"]
[1,"лицей-интернат 7","Лутфрахманов","К.","А.","м",7,7,69,null,69,100,"Победитель","Алексеева Лариса Владимировна","МАОУ \"Лицей-интернат №7\" ново-Савиновского района г. Казани"]
[2,"Федеральное государственное казенное образовательное учреждение \"Казанское суворовское училище министерства обороны Российской Федерации'","Зубаиров","Д.","И.","м",7,7,63,null,63,100,"Призер","Наумова Марина Леонидовна","ФГКОУ\"Казанское суворовское военное училище\""]
[3,"МБОУ \"Школа №88\"","Заяц","П.","А.","м",7,7,61,null,61,100,"Призер","Шалимова Е.О.","МБОУ \"Школа №88\""]
[4,"гимназия 36","Чугунов","А.","С.","м",7,7,61,null,61,100,"Призер","Рудовская Татьяна Геннадьевна","МБОУ «Гимназия №36»"]
[5,"Муниципальное автономное общеобразовательное учреждение \"Лицей №131\" Вахитовского района г. Казани","Матвеев","А.","Н.","м",7,7,60,null,60,100,"Призер","Айнуллова Гульчачак Ниязовна","МАОУ \"Лицей №131\""]
[6,"гимназия 36","Алымов","Е.","Д.","м",7,7,56,null,56,100,"Призер","Рудовская Татьяна Геннадьевна","МБОУ «Гимназия №36»"]
[7,"Федеральное государственное казенное образовательное учреждение \"Казанское суворовское училище министерства обороны Российской Федерации'","Уваев","А.","Р.","м",7,7,52,null,52,100,"Призер","Наумова Марина Леонидовна","ФГКОУ\"Казанское суворовское военное училище\""]
[8,"Специализированный учебный научный центр – общеобразовательная школа-интернат «IT-лицей» федерального государственного автономного образовательного учреждения высшего образования «Казанский (Приволжский) федеральный университет»","Алиев","А.","Р.","м",7,7,50,null,50,100,"Призер","Белякова Ксения Валерьевна","СУНЦ IT-лицей КФУ"]
[9,"Муниципальное бюджетное общеобразовательное учреждение «Средняя общеобразовательная школа №82 с углублённым изучением отдельных предметов им.Р.Г.Хасановой» Приволжского района г.Казани ","Арискин","Н.","Д.","м",7,7,50,null,50,100,"Призер","Комар Алла Владимировна","Муниципальное бюджетное общеобразовательное учреждение «Средняя общеобразовательная школа №82 с углублённым изучением отдельных предметов им.Р.Г.Хасановой» Приволжского района г.Казани"]
[10,"МБОУ «Школа №120\" Московского района г.Казани","Долгополов","Р.","К.","м",7,7,50,null,50,100,"Призер","Михеев Максим Вячеславович","МБОУ \"Школа №120\" Московского района г.Казани"]
[11,"Федеральное государственное казенное образовательное учреждение \"Казанское суворовское училище министерства обороны Российской Федерации'","Курицын","Г.","Н.","м",7,7,50,null,50,100,"Призер","Наумова Марина Леонидовна","ФГКОУ\"Казанское суворовское военное училище\""]
[12,"Муниципальное автономное общеобразовательное учреждение \"Лицей №131\" Вахитовского района г. Казани","Разин","М.","А.","м",7,7,50,null,50,100,"Призер","Айнуллова Гульчачак Ниязовна","МАОУ \"Лицей №131\""]
[13,"Федеральное государственное казенное образовательное учреждение \"Казанское суворовское училище министерства обороны Российской Федерации'","Рясов","М.","В.","м",7,7,45,null,45,100,"Участник","Наумова Марина Леонидовна","ФГКОУ\"Казанское суворовское военное училище\""]
[14,"Федеральное государственное казенное образовательное учреждение \"Казанское суворовское училище министерства обороны Российской Федерации'","Запивахин","И.","С.","м",7,7,44,null,44,100,"Участник","Наумова Марина Леонидовна","ФГКОУ\"Казанское суворовское военное училище\""]
[15,"Федеральное государственное казенное образовательное учреждение \"Казанское суворовское училище министерства обороны Российской Федерации'","Зимин","И.","А.","м",7,7,43,null,43,100,"Участник","Наумова Марина Леонидовна","ФГКОУ\"Казанское суворовское военное училище\""]
[16,"Муниципальное бюджетное общеобразовательное учреждение \"Многопрофильная полилингвальная гимназия №180\" Советского района г. Казани","Муратов","М.","В.","м",7,7,43,null,43,100,"Участник","Шарафиева А.З.","МБОУ \"Многопрофильная полилингвальная гимназия №180\""]
[17,"Муниципальное бюджетное общеобразовательное учреждение «Лицей №83 - Центр образования» Приволжского района г. Казани","Сибгатуллина","Л.","С.","ж",7,7,43,null,43,100,"Участник","Ануфриева Лариса Анатольевна","МБОУ \"Лицей №83-ЦО\" Приволжского района г.Казани"]
[18,"Муниципальное бюджетное общеобразовательное учреждение «Многопрофильный лицей №186 - «Перспектива» Приволжского района г.Казани","Зарипов","А.","А.","м",7,7,42,null,42,100,"Участник","Броднева Наталья Владимировна","МБОУ \"Лицей №186 Перспектива\""]
[19,"МБОУ \"Лицей №177\"","Юсупов","Р.","Р.","м",7,7,40,null,40,100,"Участник","Шамсувалиева Рауза Равильевна","Муниципальное бюджетное учреждение \"Лицей №177\" города Казани"]
[20,"МБОУ \"Гимназия № 122 имени Ж. А. Зайцевой\"","Ануфриева","С.","И.","ж",7,7,39,null,39,100,"Участник","Чайковская Светлана Валентиновна","МБОУ \"Гимназия №122 имени Ж.А.Зайцевой\""]
[21,"Муниципальное бюджетное общеобразовательное учреждение \"Средняя общеобразовательная школа №171 с углубленным изучением отдельных предметов\" Советского района г.Казани","Низамова","Я.","Р.","ж",7,7,38,null,38,100,"Участник","Владимирова Ильсияр Аглямовна","МБОУ \"Школа 171\""]
[22,"Муниципальное бюджетное общеобразовательное учреждение «Гимназия №6» Приволжского района г. Казани","Саитов","Б.","М.","м",7,7,38,null,38,100,"Участник","Николаева Т.А.","Муниципальное бюджетное общеобразовательное учреждение «Гимназия №6» Приволжского района г. Казани"]
[23,"МАОУ \"Лицей №146 \"Ресурс\"","Тен","Я.","В.","м",7,7,38,null,38,100,"Участник","Рябова Е.Ю.","МАОУ \"Лицей 146 \"Ресурс\""]
[24,"лицей-интернат 7","Файрушин","А.","А.","м",7,7,37,null,37,100,"Участник","Алексеева ","МАОУ \"Лицей-интернат №7\" ново-Савиновского района г. Казани"]
[25,"МБОУ \"Школа №147\"","Шакиров","М.","А.","м",7,7,37,null,37,100,"Участник","Калашян Зиля Аблайхановна","школа147"]
[26,"Муниципальное автономное общеобразовательное учреждение «Лицей №121 имени Героя Советского Союза С.А.Ахтямова» Советского района г.Казани","Илиджева","С.","А.","ж",7,7,36,null,36,100,"Участник","Восканова Елена Михайловна","МАОУ \"Лицей № 121\" Советского района г. Казани"]
[27,"МБОУ \"Гимназия №9\"","Чмырёв","В.","А.","м",7,7,36,null,36,100,"Участник","Кравченко Юлия Геннадьевна","МБОУ \"Гимназия №9\""]
[28,"общеобразовательная школа-интернат «Лицей имени Н.И. Лобачевского» федерального государственного автономного образовательного учреждения высшего образования «Казанский (Приволжский) федеральный университет»","Кадырова","А.","А.","ж",7,7,35,null,35,100,"Участник","Билалова Д.С.","ОШИ \"Лицей имени Н.И. Лобачевского\" КФУ"]
[29,"общеобразовательная школа-интернат «Лицей имени Н.И. Лобачевского» федерального государственного автономного образовательного учреждения высшего образования «Казанский (Приволжский) федеральный университет»","Сысоева","К.","А.","ж",7,7,35,null,35,100,"Участник","Билалова Д.С.","ОШИ \"Лицей имени Н.И. Лобачевского\" КФУ"]
[30,"гимназия 7","Гизатуллина","М.","Р.","ж",7,7,34,null,34,100,"Участник","Мелехова Г.И.","МБОУ «Гимназия №7 им. Героя России Козина А.В."]
[31,"Муниципальное бюджетное общеобразовательное учреждение \"Лицей №110\" Советского района г. Казани","Даутов","А.","А.","м",7,7,34,null,34,100,"Участник","Галиева Марта Ягуфаровна","МБОУ \"Лицей № 110\""]
[32,"МБОУ \"Гимназия № 122 имени Ж. А. Зайцевой\"","Зайдуллин","М.","С.","м",7,7,33,null,33,100,"Участник","Чайковская Светлана Валентиновна","МБОУ \"Гимназия №122 имени Ж.А.Зайцевой\""]
[33,"Муниципальное бюджетное общеобразовательное учреждение \"Средняя общеобразовательная школа №84 с углубленным изучением иностранных языков\" Советского района г.Казани","Абдуллин","А.","И.","м",7,7,32,null,32,100,"Участник","Батманова Г. И.","Муниципальное бюджетное общеобразовательное учреждение \"Школа №84\" г.Казани Республики Татарстан"]
[34,"Муниципальное бюджетное общеобразовательное учреждение «Гимназия №6» Приволжского района г. Казани","Гордеев","В.","Д.","м",7,7,32,null,32,100,"Участник","Николаева Т.А.","Муниципальное бюджетное общеобразовательное учреждение «Гимназия №6» Приволжского района г. Казани"]
[35,"адымнар","Якупов","Т.","С.","м",7,7,32,null,32,100,"Участник","Фархутдинова А.Р.","ГАОУ \"Адымнар\" г. Казани"]
[36,"МБОУ «Русско-татарская средняя общеобразовательная школа №136» Приволжского района города Казани","Трофимов","В.","Б.","м",7,7,31,null,31,100,"Участник","Чумарова Е.А.","МБОУ «Школа 3136»"]
[37,"Муниципальное бюджетное общеобразовательное учреждение «Лицей №83 - Центр образования» Приволжского района г. Казани","Янбеков","Д.","А.","м",7,7,31,null,31,100,"Участник","Сумцева Раиса Амирановна","МБОУ \"Лицей №83-ЦО\" Приволжского района г.Казани"]
[38,"МБОУ \"Гимназия №102 имени М.С.Устиновой\"","Бакланов","К.","А.","м",7,7,30,null,30,100,"Участник","Варфоломеев А.Н.","МБОУ \"Гимназия №102\""]
[39,"МБОУ \"Школа №62\"","Валитова","В.","И.","ж",7,7,30,null,30,100,"Участник","Иванкова О.А.","МБОУ \"Школа № 62\" Авиастроительного района г.Казани"]
[40,"МБОУ \"Татарская гимназия №17 имени Г.Ибрагимова\"","Абдрахманова","А. В.","В.","ж",7,7,29,null,29,100,"Участник","Фархутдинов Ильшат Мансурович","Муниципальное бюджетное общеобразовательное учреждение «Татарская гимназия №17 имени Г. Ибрагимова» Московского района г. Казани"]
[41,"МБОУ \"Школа №103\".","Знаменская","М.","Д.","ж",7,7,29,null,29,100,"Участник","Преснова Н.Г.","МБОУ \"Школа №103\""]
[42,"Муниципальное автономное общеобразовательное учреждение «Лицей №121 имени Героя Советского Союза С.А.Ахтямова» Советского района г.Казани","Золотова","П.","К.","ж",7,7,29,null,29,100,"Участник","Восканова Елена Михайловна","МАОУ \"Лицей № 121\" Советского района г. Казани"]
[43,"МБОУ \"Гимназия № 122 имени Ж. А. Зайцевой\"","Салмина","А.","Д.","ж",7,7,28,null,28,100,"Участник","Садыков Жаудат Назипович","МБОУ \"Гимназия №122 имени Ж.А. Зайцевой\""]
[44,"МБОУ \"Школа № 12\" Вахитовского района г. Казани","Эстис","Е.","М.","ж",7,7,28,null,28,100,"Участник","Денисова Мария Андреевна","МБОУ \"Школа №12\" Вахитовского района г. Казани"]
[45,"МБОУ \"Русско-татарская средняя общеобразовательная школа № 129\"","Якупова","М.","Р.","ж",7,7,28,null,28,100,"Участник","Олексенко Ольга Александровна","МБОУ «Школа №129» г. Казани РТ"]
[46,"Муниципальное бюджетное общеобразовательное учреждение «Многопрофильный лицей №185» Советского района г.Казани","Тугушева","Р.","Р.","ж",7,7,27,null,27,100,"Участник","Минабутдинова Аделина Гусмановна","МБОУ \"Многопрофильный лицей №185\""]
[47,"МБОУ \"Русско-татарская средняя общеобразовательная школа № 129\"","Хасанова","А.","Р.","ж",7,7,27,null,27,100,"Участник","Олексенко Ольга Александровна","МБОУ «Школа №129» г. Казани РТ"]
[48,"Муниципальное бюджетное общеобразовательное учреждение «Лицей №83 - Центр образования» Приволжского района г. Казани","Ахметов","А.","М.","м",7,7,26,null,26,100,"Участник","Сумцева Раиса Амирановна","МБОУ \"Лицей №83-ЦО\" Приволжского района г.Казани"]
[49,"Муниципальное бюджетное образовательное учреждение \"Гимназия № 90\" Советского района города Казани","Гибадуллина","А.","А.","ж",7,7,26,null,26,100,"Участник","Володин Александр Геннадьевич","МБОУ \"Гимназия № 90\" Советского района г. Казани"]
[50,"Муниципальное бюджетное общеобразовательное учреждение «Лицей №83 - Центр образования» Приволжского района г. Казани","Шамкова","П.","М.","ж",7,7,26,null,26,100,"Участник","Сумцева Раиса Амирановна","МБОУ \"Лицей №83-ЦО\" Приволжского района г.Казани"]
[51,"МБОУ \"Гимназия № 122 имени Ж. А. Зайцевой\"","Родионов","Н.","А.","м",7,7,25,null,25,100,"Участник","Садыков Жаудат Назипович","МБОУ \"Гимназия №122 имени Ж.А. Зайцевой\""]
[52,"Муниципальное бюджетное общеобразовательное учреждение «Средняя общеобразовательная школа №169» Советского района г.Казани ","Самигуллин","И.","Р.","м",7,7,25,null,25,100,"Участник","Кадырова Г.Р.","МБОУ \"Школа №169\""]
[53,"МБОУ \"Школа №91\"","Мингалеев","М.","Э.","м",7,7,24,null,24,100,"Участник","Лукоянов К.В.","МБОУ \"Школа №91\""]
[54,"МБОУ \"Гимназия № 122 имени Ж. А. Зайцевой\"","Минневалиева","А.","Р.","ж",7,7,24,null,24,100,"Участник","Садыков Жаудат Назипович","МБОУ \"Гимназия №122 имени Ж.А. Зайцевой\""]
[55,"МБОУ \"Гимназия №9\"","Чудин","Д.","В.","м",7,7,24,null,24,100,"Участник","Кравченко Юлия Геннадьевна","МБОУ \"Гимназия №9\""]
[56,"МБОУ \"Русско-татарская средняя общеобразовательная школа № 129\"","Антонов","Т.","А.","м",7,7,23,null,23,100,"Участник","Олексенко Ольга Александровна","МБОУ «Школа №129» г. Казани РТ"]
[57,"МБОУ \"Гимназия № 122 имени Ж. А. Зайцевой\"","Дронь","М.","А.","ж",7,7,23,null,23,100,"Участник","Садыков Жаудат Назипович","МБОУ \"Гимназия №122 имени Ж.А. Зайцевой\""]
[58,"МБОУ \"Гимназия № 122 имени Ж. А. Зайцевой\"","Зарипова","С.","Р.","ж",7,7,23,null,23,100,"Участник","Садыков Жаудат Назипович","МБОУ \"Гимназия №122 имени Ж.А. Зайцевой\""]
[59,"Специализированный учебный научный центр – общеобразовательная школа-интернат «IT-лицей» федерального государственного автономного образовательного учреждения высшего образования «Казанский (Приволжский) федеральный университет»","Усманов","А.","Р.","м",7,7,23,null,23,100,"Участник","Галимзянова М.А.","СУНЦ IT-лицей КФУ"]
[60,"Муниципальное бюджетное общеобразовательное учреждение «Многопрофильный лицей №185» Советского района г.Казани","Шакиров","А.","И.","м",7,7,23,null,23,100,"Участник","минабутдинова Аделина Гусмановна","МБОУ \"Многопрофильный лицей №185\""]
[61,"МБОУ \"Школа №143\"","Балдина","У.","А.","ж",7,7,22,null,22,100,"Участник","Мухамматгалиев Алмаз Марсович","МБОУ \"Школа№143\""]
[62,"Муниципальное бюджетное общеобразовательное учреждение «Средняя общеобразовательная школа №169» Советского района г.Казани ","Гафарова","С.","И.","ж",7,7,22,null,22,100,"Участник","Кадырова Г.Р.","МБОУ \"Школа №169\""]
[63,"Муниципальное автономное общеобразовательное учреждение «Гимназия №19» Приволжского района г. Казани","Глебов","М.","Е.","м",7,7,22,null,22,100,"Участник","Галимов Айдар Фаргатович","МАОУ \"Гимназия №19\" Приволжского района г.Казани"]
[64,"Муниципальное бюджетное общеобразовательное учреждение «Средняя общеобразовательная школа №82 с углублённым изучением отдельных предметов им.Р.Г.Хасановой» Приволжского района г.Казани ","Иванова","Д.","А.","ж",7,7,22,null,22,100,"Участник","Комар Алла Владимировна","Муниципальное бюджетное общеобразовательное учреждение «Средняя общеобразовательная школа №82 с углублённым изучением отдельных предметов им.Р.Г.Хасановой» Приволжского района г.Казани"]
[65,"МБОУ \"Школа №143\"","Кощеева","К.","А.","ж",7,7,22,null,22,100,"Участник","Мухамматгалиев Алмаз Марсович","МБОУ \"Школа№143\""]
[66,"МБОУ \"Школа №71\" г.Казани","Сарварова","К.","Р.","ж",7,7,22,null,22,100,"Участник","Халикова Гульназ Габбасовна","МБОУ \"Школа №71\" г.Казани"]
[67,"Муниципальное бюджетное образовательное учреждение \"Гимназия № 90\" Советского района города Казани","Сахабутдинов","М.","Д.","м",7,7,22,null,22,100,"Участник","Володин Александр Геннадьевич","МБОУ \"Гимназия № 90\" Советского района г. Казани"]
[68,"МБОУ «Школа № 167» Советского района г. Казани","Шарифуллин","Б.","И.","м",7,7,22,null,22,100,"Участник","Макарова Светлана Анатольевна","Муниципальное бюджетное общеобразовательное учреждение «Средняя общеобразовательная школа № 167 с углубленным изучением отдельных предметов» Советского района г. Казани"]
[69,"Муниципальное бюджетное общеобразовательное учреждение «Лицей №83 - Центр образования» Приволжского района г. Казани","Абитов","Р.","Ф.","м",7,7,21,null,21,100,"Участник","Сумцева Раиса Амирановна","МБОУ \"Лицей №83-ЦО\" Приволжского района г.Казани"]
[70,"МБОУ \"Лицей 170\"","Авдеев","Н.","Д.","м",7,7,21,null,21,100,"Участник","Чернова Надежда Анатольевна","МБОУ «Многопрофйильный лицей №170»"]
[71,"Муниципальное бюджетное общеобразовательное учреждение \"Татарская гимназия №1 им.Г.Тукая\" Вахитовского района г.Казани","Бодров","Б.","Р.","м",7,7,21,null,21,100,"Участник","Мухаметгалеева Наиля Мансуровна","МБОУ \"Татарская гимназия №1 им. Г. Тукая\" Вахитовского района г. Казани"]
[72,"Муниципальное бюджетное общеобразовательное учреждение \"Гимназия №174\" Советского района г.Казани.","Нафигуллина","А.","И.","ж",7,7,21,null,21,100,"Участник","Ахметова Роза Ильдусовна","МБОУ \"Гимназия № 174\"Советского района г. Казани"]
[73,"Муниципальное бюджетное общеобразовательное учреждение \"Гимназия №8 - Центр образования\" Советского района г.Казани","Фазылзянова","А.","Р.","ж",7,7,21,null,21,100,"Участник","Соколова Татьяна Александровна","Гимназия №8-Центр Образования"]
[74,"Муниципальное бюджетное общеобразовательное учреждение «Лицей №83 - Центр образования» Приволжского района г. Казани","Чечкова","А.","С.","ж",7,7,21,null,21,100,"Участник","Сумцева Раиса Амирановна","МБОУ \"Лицей №83-ЦО\" Приволжского района г.Казани"]
[75,"Муниципальное бюджетное общеобразовательное учреждение «Многопрофильный лицей №186 - «Перспектива» Приволжского района г.Казани","Шигабиев","Т.","А.","м",7,7,21,null,21,100,"Участник","Броднева Наталья Владимировна","МБОУ \"Лицей №186 Перспектива\""]
[76,"МБОУ «Лицей №23»","Багин","Л.","А.","м",7,7,20,null,20,100,"Участник","ЗагуменоваО.А.","МБОУ\"Лицей№23\"г.Казани"]
[77,"адымнар","Гульманов","Д.","Ш.","м",7,7,20,null,20,100,"Участник","Фархутдинова А.Р.","ГАОУ \"Адымнар\" г. Казани"]
[78,"МБОУ \"Гимназия №94 имени Л.Н. Мурысина\"","Гумеров","Б.","Р.","м",7,7,20,null,20,100,"Участник","Хлопочкина К.В.","МБОУ Гимназия94 им.Л.Н.Мурысина"]
[79,"МБОУ \"Лицей №145\"","Карпова","А.","А.","ж",7,7,20,null,20,100,"Участник","Фомина Евгения Александровна","Муниципальное бюджетное общеобразовательное учреждение \"Лицей №145\" Авиастроительного района г. Казани"]
[80,"адымнар","Кудрявцева","А.","А.","ж",7,7,20,null,20,100,"Участник","Лимонова Амина Ленуровна","ГАОУ \"Адымнар-Казань\""]
[81,"МБОУ \"Лицей №78 \"Фарватер\" Приволжского района г.Казани","Мерсияпова","Л.","Л.","ж",7,7,20,null,20,100,"Участник","Клюева Арина Евгеньевна","МБОУ \"Лицей №78 \"Фарватер\" Приволжского района г.Казани"]
[82,"Муниципальное бюджетное общеобразовательное учреждение \"Средняя общеобразовательнаяшкола №144 с углубленным изучением отдельных предметов\" г.Казани","Мукминова","Р.","Р.","ж",7,7,20,null,20,100,"Участник","Шарапов А.Р.","МБОУ \"Школа №144\" Советского района г.Казани"]
[83,"МБОУ \"Политехнический лицей №182\" ","Сулейманова","Н.","Р.","ж",7,7,20,null,20,100,"Участник","Чиркова Людмила Владимировна","МБОУ \"Лицей №182\""]
[84,"МБОУ \"Гимназия № 122 имени Ж. А. Зайцевой\"","Тимофеев","Э.","Д.","м",7,7,20,null,20,100,"Участник","Чайковская Светлана Валентиновна","МБОУ \"Гимназия №122 имени Ж.А.Зайцевой\""]
[85,"МБОУ \"Гимназия №9\"","Дмитриева","Э.","Д.","ж",7,7,19,null,19,100,"Участник","Кравченко Юлия Геннадьевна","МБОУ \"Гимназия №9\""]
[86,"Муниципальное бюджетное общеобразовательное учреждение \"Гимназия №175\" Советского района г.Казани","Ларионова","Е.","А.","ж",7,7,19,null,19,100,"Участник","Корнилова Е.Д.","МБОУ \"Гимназия №175\" Советского района г.Казани"]
[87,"МБОУ \"Русско-татарская средняя общеобразовательная школа № 129\"","Ахметшина","К.","Р.","ж",7,7,18,null,18,100,"Участник","Олексенко Ольга Александровна","МБОУ «Школа №129» г. Казани РТ"]
[88,"Муниципальное бюджетное общеобразовательное учреждение «Средняя общеобразовательная русско-татарская школа №161» Советского района г. Казани","Бадртдинов","М.","М.","м",7,7,18,null,18,100,"Участник","Джураев Рустам Анварович","МБОУ \"Школа № 161\""]
[89,"МБОУ \"Татарская гимназия №2 при КФУ\"","Гилязов","И.","Д.","м",7,7,18,null,18,100,"Участник","Юнусова Гузель Равилевна","МБОУ \"Татарская гимназия №2 при КФУ\""]
[90,"Муниципальное бюджетное общеобразовательное учреждение \"Татарская гимназия №1 им.Г.Тукая\" Вахитовского района г.Казани","Кадырова","К.","И.","ж",7,7,18,null,18,100,"Участник","Мухаметгалеева Наиля Мансуровна","МБОУ \"Татарская гимназия №1 им. Г. Тукая\" Вахитовского района г. Казани"]
[91,"Муниципальное бюджетное общеобразовательное учреждение «Средняя общеобразовательная школа №169» Советского района г.Казани ","Мукминова","А.","М.","ж",7,7,18,null,18,100,"Участник","Кадырова Г.Р","МБОУ \"Школа №169\""]
[92,"Муниципальное бюджетное общеобразовательное учреждение «Лицей №83 - Центр образования» Приволжского района г. Казани","Тмошенко","А.","Д.","м",7,7,18,null,18,100,"Участник","Сумцева Раиса Амирановна","МБОУ \"Лицей №83-ЦО\" Приволжского района г.Казани"]
[93,"Муниципальное бюджетное общеобразовательное учреждение «Лицей №83 - Центр образования» Приволжского района г. Казани","Трофимова","С.","Э.","ж",7,7,18,null,18,100,"Участник","Ануфриева Лариса Анатольевна","МБОУ \"Лицей №83-ЦО\" Приволжского района г.Казани"]
[94,"Муниципальное бюджетное общеобразовательное учреждение \"Средняя общеобразовательнаяшкола №144 с углубленным изучением отдельных предметов\" г.Казани","Шакиров","Т.","Б.","м",7,7,18,null,18,100,"Участник","Шарапов А.Р.","МБОУ \"Школа №144\" Советского района г.Казани"]
[95,"Муниципальное бюджетное общеобразовательное учреждение «Лицей №83 - Центр образования» Приволжского района г. Казани","Шакурова","Д.","Р.","ж",7,7,18,null,18,100,"Участник","Сумцева Раиса Амирановна","МБОУ \"Лицей №83-ЦО\" Приволжского района г.Казани"]
[96,"МБОУ \"Гимназия №3 с татарским языком обучения\"","Сагеев","Д.","М.","м",6,7,17,null,17,100,"Участник","Сагеев Марат Ильдарович","МБОУ \"Гимназия №3 с татарским языком обучения\" Кировского района г. Казани"]
[97,"МБОУ \" Школа №111\"","Хрундин","О.","Д.","м",7,7,17,null,17,100,"Участник","Шагдалеева Альфия Фиалетовна","МБОУ \"Школа №111\""]
[98,"МБОУ \"Гимназия № 122 имени Ж. А. Зайцевой\"","Кайнова","Е.","А.","ж",7,7,16,null,16,100,"Участник","Чайковская Светлана Валентиновна","МБОУ \"Гимназия №122 имени Ж.А.Зайцевой\""]
[99,"МБОУ \"Гимназия №3 с татарским языком обучения\"","Попков","М.","А.","м",7,7,16,null,16,100,"Участник","Гибадуллина Зиля Камиловна","МБОУ \"Гимназия №3 с татарским языком обучения\" Кировского района г. Казани"]
[100,"Муниципальное бюджетное общеобразовательное учреждение \"Гимназия №174\" Советского района г.Казани.","Салимов","Р.","И.","м",7,7,16,null,16,100,"Участник","Ахметова Роза Ильдусовна","МБОУ \"Гимназия № 174\"Советского района г. Казани"]
[101,"Муниципальное бюджетное общеобразовательное учреждение \"Средняя общеобразовательная школа №84 с углубленным изучением иностранных языков\" Советского района г.Казани","Топонцев","Д.","М.","м",7,7,16,null,16,100,"Участник","Батманова Г. И.","Муниципальное бюджетное общеобразовательное учреждение \"Школа №84\" г.Казани Республики Татарстан"]
[102,"МБОУ \"Средняя общеобразовательная школа №70 с углубленным изучением отдельных предметов\"","Шарафеева","Э.","Р.","ж",7,7,16,null,16,100,"Участник","Шишков Алексей Иванович","МБОУ \"Школа № 70\""]
[103,"МБОУ \"Политехнический лицей №182\" ","Артамонов","Д.","Н.","м",7,7,15,null,15,100,"Участник","Чиркова Людмила Владимировна","МБОУ \"Лицей №182\""]
[104,"МБОУ «Татарско-русская средняя общеобразовательная школа №68 с углублённым изучением отдельных предметов» Приволжского района г. Казани","Елизаров","М.","В.","м",7,7,15,null,15,100,"Участник","Баширова Лилия Рамильевна","МБОУ \"Школа 68\""]
[105,"МБОУ \"Лицей 170\"","Ивановская","А.","И.","ж",7,7,15,null,15,100,"Участник","Чернова Надежда Анатольевна","мБОУ «Многопрофйильный лицей №170»"]
[106,"МБОУ  \"ШКОЛА №32\"","Медведев","А.","В.","м",7,7,15,null,15,100,"Участник","Салахов Динар Дамирович","МБОУ \"Школа №32\""]
[107,"МБОУ  \"ШКОЛА №32\"","Могилат","А.","В.","ж",7,7,15,null,15,100,"Участник","Салахов Динар Дамирович","МБОУ \"Школа №32\""]
[108,"Муниципальное бюджетное общеобразовательное учреждение «Средняя общеобразовательная русско-татарская школа №161» Советского района г. Казани","Храменков","С.","О.","м",7,7,15,null,15,100,"Участник","Джураев Рустам Анварович","МБОУ \"Школа № 161\""]
[109,"«Средняя общеобразовательная школа № 86 с углубленным изучением отдельных предметов Советского района г.Казани","Арсланов","С.","У.","м",7,7,14,null,14,100,"Участник","Гарева Н.Г.","Муниципальное бюджетное общеобразовательное учреждение \"Cредняя общеобразовательная школа №86 с углубленным изучением отдельных предметов\"Советского района г.Казани"]
[110,"Муниципальное бюджетное общеобразовательное учреждение \"Средняя общеобразовательнаяшкола №144 с углубленным изучением отдельных предметов\" г.Казани","Билалов","И.","М.","м",7,7,14,null,14,100,"Участник","Шарапов А.Р.","МБОУ \"Школа №144\" Советского района г.Казани"]
[111,"Муниципальное бюджетное общеобразовательное учреждение \"Гимназия №174\" Советского района г.Казани.","Блохина","К.","С.","ж",7,7,14,null,14,100,"Участник","Ахметова Роза Ильдусовна","МБОУ \"Гимназия № 174\"Советского района г. Казани"]
[112,"МБОУ \"Гимназия №20 \"Гармония\"\"","Галкин","К.","Д.","м",7,7,14,null,14,100,"Участник","Салимова Зайтуна Муфараковна"]
[113,"Муниципальное бюджетное общеобразовательное учреждение «Средняя общеобразовательная русско-татарская школа №13» Вахитовского района г. Казани","Гаптуллин","А.","М.","м",7,7,14,null,14,100,"Участник","Каллаур А.О","МБОУ \"Школа13\""]
[114,"МБОУ \"Татарская гимназия №15\"","Гаязов","А.","А.","м",7,7,14,null,14,100,"Участник","Сагдиева Феруза Идрисовна","МБОУ «Татарская гимназия №15» Кирговского района г.Казани"]
[115,"Муниципальное бюджетное общеобразовательное учреждение «Лицей №83 - Центр образования» Приволжского района г. Казани","Хакимова","Л.","М.","ж",7,7,14,null,14,100,"Участник","Сумцева Раиса Амирановна","МБОУ \"Лицей №83-ЦО\" Приволжского района г.Казани"]
[116,"МБОУ «Татарско-русская средняя общеобразовательная школа №68 с углублённым изучением отдельных предметов» Приволжского района г. Казани","Алиев","Э.","Н. о.","м",7,7,13,null,13,100,"Участник","Баширова Лилия Рамильевна","МБОУ \"Школа 68\""]
[117,"МБОУ «Татарско-русская средняя общеобразовательная школа №68 с углублённым изучением отдельных предметов» Приволжского района г. Казани","Леммер","Э.","В.","ж",7,7,13,null,13,100,"Участник","Баширова Лилия Рамильевна","МБОУ \"Школа 68\""]
[118,"Муниципальное бюджетное общеобразовательное учреждение \"Татарская гимназия №1 им.Г.Тукая\" Вахитовского района г.Казани","Мустафина","М.","С.","ж",7,7,13,null,13,100,"Участник","Мухаметгалеева Наиля Мансуровна","МБОУ \"Татарская гимназия №1 им. Г. Тукая\" Вахитовского района г. Казани"]
[119,"МБОУ \"Татарская гимназия №15\"","Петров","В.","А.","м",7,7,13,null,13,100,"Участник","Хайруллина ЗайтуняЗуфаровна","МБОУ «Татарская гимназия №15» Кирговского района г.Казани"]
[120,"МБОУ «Татарско-русская средняя общеобразовательная школа №68 с углублённым изучением отдельных предметов» Приволжского района г. Казани","Романейко","А.","Д.","м",7,7,13,null,13,100,"Участник","Баширова Лилия Рамильевна","МБОУ \"Школа 68\""]
[121,"МБОУ \"Лицей №145\"","Чусовитин","Р.","А.","м",7,7,13,null,13,100,"Участник","Фомина Евгения Александровна","Муниципальное бюджетное общеобразовательное учреждение \"Лицей №145\" Авиастроительного района г. Казани"]
[122,"Муниципальное бюджетное общеобразовательное учреждение \"Гиимназия №184им.М.И.Махмутова\"Советского района г.Казани","Ярушкина-Товстик","А.","А.","ж",7,7,13,null,13,100,"Участник","Насыбуллин Ленар Айратович","МБОУ \"Гимназия №184\""]
[123,"МБОУ \"Татарская гимназия №2 при КФУ\"","Башаров","А.","И.","м",7,7,12,null,12,100,"Участник","Исхакова Алия Эдуардовна","МБОУ \"Татарская гимназия №2 при КФУ\""]
[124,"МБОУ \"Татарская гимназия №2 при КФУ\"","Галлямов","Т.","И.","м",7,7,12,null,12,100,"Участник","Юнусова Гузель Равилевна","МБОУ \"Татарская гимназия №2 при КФУ\""]
[125,"МБОУ \"Гимназия № 122 имени Ж. А. Зайцевой\"","Сайфуллина","С.","М.","ж",7,7,12,null,12,100,"Участник","Садыков Жаудат Назипович","МБОУ \"Гимназия №122 имени Ж.А. Зайцевой\""]
[126,"МБОУ \"Татарская гимназия №2 при КФУ\"","Юсупова","К.","А.","ж",7,7,12,null,12,100,"Участник","Юнусова Гузель Равилевна","МБОУ \"Татарская гимназия №2 при КФУ\""]
[127,"школа 60","Вайсс Хассан","О.","М.","м",7,7,11,null,11,100,"Участник","Хасаншина Рамзия Рашитовна","МБОУ \"Школа №60\""]
[128,"МАОУ \"Лицей №146 \"Ресурс\"","Сираев","А.","А.","м",7,7,11,null,11,100,"Участник","Рябова Е.Ю.","МАОУ \"Лицей 146 \"Ресурс\""]
[129,"Муниципальное бюджетное общеобразовательное учреждение \"Гиимназия №184им.М.И.Махмутова\"Советского района г.Казани","Соковикова","М.","С.","ж",7,7,11,null,11,100,"Участник","Насыбуллин Ленар Айратович","МБОУ \"Гимназия №184\""]
[130,"гимназия 7","Флакс","М.","Д.","ж",7,7,11,null,11,100,"Участник","Мелехова Г.И.","МБОУ «Гимназия №7 им. Героя России Козина А.В."]
[131,"Муниципальное бюджетное общеобразовательное учреждение \"Гимназия №20 имени Абдуллы Алиша\" Советского района г.Казани","Мингазов","К.","Р.","м",7,7,10,null,10,100,"Участник","Закирова Азалина Азатовна","МБОУ \"Гимназия №20 имени Абдуллы Алиша\" Советского района г.Казани"]
[132,"МБОУ \"Школа №71\" г.Казани","Валиева","М.","И.","ж",7,7,9,null,9,100,"Участник","Халикова Гульназ Габбасовна","МБОУ \"Школа №71\" г.Казани"]
[133,"Муниципальное бюджетное общеобразовательное учреждение «Русско-татарская средняя общеобразовательная школа №97» Приволжского района г. Казани. ","Вахтерова","У.","В.","ж",7,7,9,null,9,100,"Участник","Тюгаев Ильяс Асиятович","Школа №97"]
[134,"МБОУ \"СОШ №41\" Вахитовского района г.Казани","Мохначев","М.","С.","м",7,7,9,null,9,100,"Участник","Девицкая Нина Юрьевна","МБОУ \"СОШ №41\""]
[135,"Автономная некоммерческая организация общеобразовательная организация «Школа новых технологий»","Шамгунова","Я.","А.","ж",7,7,9,null,9,100,"Участник","Першагин А.","АНО ОО \"Школа новых технологий\""]
[136,"школа 60","Ларин","И.","А.","м",7,7,8,null,8,100,"Участник","Хасаншина Рамзия Рашитовна","МБОУ \"Школа №60\""]
[137,"МБОУ \"Русско-татарская средняя общеобразовательная школа №81 с углубленным изучением отдельных предметов имени В.А. Григорьева\"","Матвеев","М.","П.","м",7,7,7,null,7,100,"Участник","Лазарева О.С","МБОУ «Русско-татарская средняя общеобразовательная школа №81 с углубленным изучением отдельных предметов имени В.А. Григорьева» Кировского района г. Казани"]
[138,"Муниципальное бюджетное общеобразовательное учреждение «Средняя общеобразовательная русско-татарская школа №13» Вахитовского района г. Казани","Попов","В.","М.","м",7,7,7,null,7,100,"Участник","Каллаур А.О","МБОУ \"Школа13\""]
[139,"МБОУ «Татарско-русская средняя общеобразовательная школа №68 с углублённым изучением отдельных предметов» Приволжского района г. Казани","Такмаков","Т.","А.","м",7,7,6,null,6,100,"Участник","Баширова Лилия Рамильевна","МБОУ \"Школа 68\""]
[140,"МБОУ \"СОШ №41\" Вахитовского района г.Казани","Гибадуллин","Т.","А.","м",7,7,5,null,5,100,"Участник","Девицкая Нина Юрьевна","МБОУ \"СОШ №41\""]
[141,"МБОУ \"Лицей 170\"","Щипков","М.","А.","м",8,8,77,null,77,100,"Победитель","Волкова Наталья Витальевна","МБОУ «Многопрофйильный лицей №170»"]
[142,"МАОУ \"Лицей-интернат №2\"","Алиуллин","А.","И.","м",7,8,69,null,69,100,"Призер","Лазарев Юрий Юрьевич","МАОУ \"Лицей-интернат№2\""]
[143,"МАОУ \"Лицей-интернат №2\"","Сайфутдинов","А.","Э.","м",7,8,67,null,67,100,"Призер","Мухин Владимир Игоревич","МАОУ \"Лицей-интернат№2\""]
[144,"Муниципальное автономное общеобразовательное учреждение\"Средняя общеобразовательная школа 39 с углубленным изучением английского языка Вахитовского района г.Казани","Торопчина","Ч.","Н.","ж",8,8,59,null,59,100,"Призер","Харитонова Е.С.","МАОУ \"Школа №39\""]
[145,"МБОУ \"Гимназия №27\"","Исхаков","А.","И.","м",8,8,57,null,57,100,"Призер","Фахрутдинова Файруза Раефовна","МБОУ \"Гимназия №27\""]
[146,"Федеральное государственное казенное образовательное учреждение \"Казанское суворовское училище министерства обороны Российской Федерации'","Федоров","К.","Г.","м",8,8,57,null,57,100,"Призер","Чудинова Гулия Зариповна","ФГКОУ\"Казанское суворовское военное училище\""]
[147,"Муниципальное бюджетное общеобразовательное учреждение \"Гимназия №174\" Советского района г.Казани.","Ханзяров","И.","И.","м",8,8,56,null,56,100,"Призер","Михайлова Е.П.","МБОУ \"Гимназия № 174\"Советского района г. Казани"]
[148,"МБОУ \"Татарская гимназия №2 при КФУ\"","Гадельшина","А.","Р.","ж",8,8,54,null,54,100,"Призер","Юнусова Гузель Равилевна","МБОУ \"Татарская гимназия №2 при КФУ\""]
[149,"МБОУ \"Гимназия №94 имени Л.Н. Мурысина\"","Прохоров","А.","И.","м",8,8,54,null,54,100,"Призер","Хлопочкина К.В.","МБОУ Гимназия94 им.Л.Н.Мурысина"]
[150,"Муниципальное бюджетное общеобразовательное учреждение «Многопрофильный лицей №187» Советского района г.Казани","Шайхетдинов","А.","Р.","м",8,8,53,null,53,100,"Призер","Квитко М.В.","МБОУ \"Многопрофильный лицей №187"]
[151,"МАОУ \"Гимназия №37\" Авиастроительного района","Павлов","Е.","М.","М",7,8,52,null,52,100,"Призер","Атлашкина Эльза Альбертовна","МАОУ \"Гимназия №37\" Авиастроительного района"]
[152,"Муниципальное автономное общеобразовательное учреждение\"Средняя общеобразовательная школа 39 с углубленным изучением английского языка Вахитовского района г.Казани","Багаутдинова","А.","А.","ж",8,8,51,null,51,100,"Призер","Харитонова Е.С.","МАОУ \"Школа №39\""]
[153,"МБОУ \"Русско-татарская средняя общеобразовательная школа № 129\"","Бикметов","Д.","Р.","м",8,8,51,null,51,100,"Призер","Кунакбаева Альбина Фанисовна","МБОУ «Школа №129» г. Казани РТ"]
[154,"МБОУ \"Татаро-английская гимназия N16\"","Галимзянов","А.","Р.","м",8,8,51,null,51,100,"Призер","Хайрутдинова Гульфия Нуховна","МБОУ \"Татаро-английская гимназия №16\""]
[155,"Федеральное государственное казенное образовательное учреждение \"Казанское суворовское училище министерства обороны Российской Федерации'","Львов","Б.","А.","м",8,8,51,null,51,100,"Призер","Чудинова Гулия Зариповна","ФГКОУ\"Казанское суворовское военное училище\""]
[156,"Муниципальное автономное общеобразовательное учреждение\"Средняя общеобразовательная школа 39 с углубленным изучением английского языка Вахитовского района г.Казани","Муреев","А.","П.","м",8,8,51,null,51,100,"Призер","Харитонова Е.С.","МАОУ \"Школа №39\""]
[157,"Муниципальное бюджетное общеобразовательное учреждение «Многопрофильный лицей №186 - «Перспектива» Приволжского района г.Казани","Тарасов","Я.","А.","м",8,8,51,null,51,100,"Призер","Бастракова Ирина Владимировна","МБОУ \"Лицей №186 Перспектива\""]
[158,"Муниципальное бюджетное общеобразовательное учреждение \"Гимназия №174\" Советского района г.Казани.","Антонова","Д.","Н.","ж",8,8,50,null,50,100,"Призер","Михайлова Е.П.","МБОУ \"Гимназия № 174\"Советского района г. Казани"]
[159,"Муниципальное бюджетное общеобразовательное учреждение «Гимназия 18 с татарским языком обучения - «Галэм» Приволжского района г.Казани","Батталов","А.","И.","м",8,8,50,null,50,100,"Призер","Усманова Эльимира Расыховна","МБОУ \"Гимназия №18 - \"Галэм\" Приволжского района г. Казани"]
[160,"МБОУ \"СОШ №112\" г. Казань","Гаврилова","А.","А.","ж",8,8,50,null,50,100,"Призер","Булгакова В.А.","МБОУ \"Школа № 112\""]
[161,"Автономная некоммерческая организация «Международная школа Казани»","Юнусова","С.","А.","ж",8,8,50,null,50,100,"Призер","Вишневский Тимур Дмитриевич","АНОО \"Международная школа Казани\""]
[162,"Федеральное государственное казенное образовательное учреждение \"Казанское суворовское училище министерства обороны Российской Федерации'","Барбарин","Т.","А.","м",8,8,48,null,48,100,"Участник","Чудинова Гулия Зариповна","ФГКОУ\"Казанское суворовское военное училище\""]
[163,"Федеральное государственное казенное образовательное учреждение \"Казанское суворовское училище министерства обороны Российской Федерации'","Лебединцев","В.","А.","м",8,8,48,null,48,100,"Участник","Чудинова Гулия Зариповна","ФГКОУ\"Казанское суворовское военное училище\""]
[164,"МБОУ \"Лицей №78 \"Фарватер\" Приволжского района г.Казани","Зинатуллин","Д.","Р.","м",8,8,47,null,47,100,"Участник","Тумакаева Зухра Наилевна","МБОУ \"Лицей №78 \"Фарватер\" Приволжского района г.Казани"]
[165,"МБОУ \"Средняя общеобразовательная школа №70 с углубленным изучением отдельных предметов\"","Демьяненко","Н.","В.","м",8,8,46,null,46,100,"Участник","Никифорова Т.Е.","МБОУ \"Школа № 70\""]
[166,"Автономная некоммерческая организация «Международная школа Казани»","Еремеева","Д.","С.","ж",8,8,46,null,46,100,"Участник","Вишневский Тимур Дмитриевич","АНОО \"Международная школа Казани\""]
[167,"МБОУ \"Гимназия № 122 имени Ж. А. Зайцевой\"","Садыкова","С.","А.","ж",8,8,46,null,46,100,"Участник","Садыков Жаудат Назипович","МБОУ \"Гимназия №122 имени Ж.А. Зайцевой\""]
[168,"МБОУ \"Лицей № 116 имени Героя Советского Союза А.С. Умеркина\" Вахитовского района г.Казани","Саитов","Р.","В.","м",8,8,46,null,46,100,"Участник","Лунева Э.И.","МБОУ \"Лицей № 116 имени Героя Советского Союза А.С.Умеркина\" Вахитовского района г.Казани"]
[169,"МБОУ \"Средняя общеобразовательная русско-татарская школа № 87\"","Сундуков","В.","А.","м",8,8,46,null,46,100,"Участник","Халимова Диана Ильгизовна","МБОУ «Школа №87\""]
[170,"МБОУ \"Гимназия №102 имени М.С.Устиновой\"","Ахметзянов","А.","Т.","м",8,8,45,null,45,100,"Участник","Щербакова Т.М.","МБОУ \"Гимназия №102\""]
[171,"МБОУ \"Школа №103\".","Фаезов","К.","И.","м",8,8,45,null,45,100,"Участник","Хакимова Э.З.","МБОУ \"Школа №103\""]
[172,"МБОУ \"Татарская гимназия №2 при КФУ\"","Миннеханова","Р.","Р.","ж",8,8,44,null,44,100,"Участник","Юнусова Гузель Равилевна","МБОУ \"Татарская гимназия №2 при КФУ\""]
[173,"МБОУ «Гимназия №12 с татарским языком обучения имени Ф.Г.Аитовой»","Мингазова","А.","М.","ж",8,8,43,null,43,100,"Участник","Ямбулатова Алсу Анваровна","Муниципальное бюджетное общеобразовательное учреждение \"Гимназия 12 им. Ф.Г. Аитовой\" г.Казани Республики Татарстан"]
[174,"Специализированный учебный научный центр – общеобразовательная школа-интернат «IT-лицей» федерального государственного автономного образовательного учреждения высшего образования «Казанский (Приволжский) федеральный университет»","Талашкевич","К.","Д.","м",8,8,43,null,43,100,"Участник","Белякова Ксения Валерьевна","СУНЦ IT-лицей КФУ"]
[175,"Муниципальное бюджетное общеобразовательное учреждение «Многопрофильный лицей №185» Советского района г.Казани","Артемьев","М.","А.","м",8,8,42,null,42,100,"Участник","Петрова Т.А","МБОУ \"Многопрофильный лицей №185\""]
[176,"Федеральное государственное казенное образовательное учреждение \"Казанское суворовское училище министерства обороны Российской Федерации'","Федоров","К.","Г.","м",8,8,42,null,42,100,"Участник","Чудинова Гулия Зариповна","ФГКОУ\"Казанское суворовское военное училище\""]
[177,"Муниципальное автономное общеобразовательное учреждение \"Лицей №131\" Вахитовского района г. Казани","Хайруллин","Б.","Р.","м",8,8,42,null,42,100,"Участник","Айнуллова Гульчачак Ниязовна","МАОУ \"Лицей №131\""]
[178,"Федеральное государственное казенное образовательное учреждение \"Казанское суворовское училище министерства обороны Российской Федерации'","Зиганшин","Д.","М.","м",8,8,41,null,41,100,"Участник","Чудинова Гулия Зариповна","ФГКОУ\"Казанское суворовское военное училище\""]
[179,"Федеральное государственное казенное образовательное учреждение \"Казанское суворовское училище министерства обороны Российской Федерации'","Галимов","М.","А.","м",8,8,40,null,40,100,"Участник","Чудинова Гулия Зариповна","ФГКОУ\"Казанское суворовское военное училище\""]
[180,"Автономная некоммерческая организация «Международная школа Казани»","Каримова","С.","И.","ж",8,8,40,null,40,100,"Участник","Вишневский Тимур Дмитриевич","АНОО \"Международная школа Казани\""]
[181,"Муниципальное бюджетное общеобразовательное учреждение «Средняя общеобразовательная школа №169» Советского района г.Казани ","Шигабеев","А.","И.","м",8,8,40,null,40,100,"Участник","Кадырова Г.Р.","МБОУ \"Школа №169\""]
[182,"Федеральное государственное казенное образовательное учреждение \"Казанское суворовское училище министерства обороны Российской Федерации'","Беспалов","К.","В.","м",8,8,39,null,39,100,"Участник","Чудинова Гулия Зариповна","ФГКОУ\"Казанское суворовское военное училище\""]
[183,"Автономная некоммерческая организация «Международная школа Казани»","Валиуллина","З.","А.","ж",8,8,39,null,39,100,"Участник","Вишневский Тимур Дмитриевич","АНОО \"Международная школа Казани\""]
[184,"МБОУ \"Средняя общеобразовательная школа №153\"","Гайнутдинов","Т.","М.","м",8,8,38,null,38,100,"Участник","Никитина Татьяна Васильевна","МБОУ СОШ 153"]
[185,"Муниципальное бюджетное общеобразовательное учреждение \"Лицей 159 имени С.Х.Загидуллиной\"","Фирулев","К.","Д.","м",8,8,38,null,38,100,"Участник","Валишина Дина Шамилевна","МБОУ \"Лицей 159 имени С.Х.Загидуллиной\""]
[186,"МБОУ  \"ШКОЛА №32\"","Харитонов","Д.","Д.","м",8,8,38,null,38,100,"Участник","Салахов Динар Дамирович","МБОУ \"Школа №32\""]
[187,"Гимназия № 179 -цо","Жарахина","С.","С.","ж",8,8,37,null,37,100,"Участник","ЕльцоваН.В.","МБОУ\"Гимнаия№179центробразования\""]
[188,"МБОУ \"Гимназия №94 имени Л.Н. Мурысина\"","Рябова","К.","С.","ж",8,8,37,null,37,100,"Участник","Хлопочкина К.В.","МБОУ Гимназия94 им.Л.Н.Мурысина"]
[189,"МБОУ \"Гимназия №102 имени М.С.Устиновой\"","Котельников","Н.","Д.","м",8,8,36,null,36,100,"Участник","Щербакова Т.М.","МБОУ \"Гимназия №102\""]
[190,"Автономная некоммерческая организация «Международная школа Казани»","Мавлетхузина","М.","И.","ж",8,8,36,null,36,100,"Участник","Вишневский Тимур Дмитриевич","АНОО \"Международная школа Казани\""]
[191,"МБОУ \"Гимназия № 122 имени Ж. А. Зайцевой\"","Миролюбов","В.","С.","м",8,8,36,null,36,100,"Участник","Лозовский Артур Станиславович","МБОУ \"Гимназия №122 имени Ж.А.Зайцевой\""]
[192,"МБОУ \"Гимназия №94 имени Л.Н. Мурысина\"","Уразов","А.","Р.","м",8,8,36,null,36,100,"Участник","Хлопочкина К.В.","МБОУ Гимназия94 им.Л.Н.Мурысина"]
[193,"общеобразовательная школа-интернат «Лицей имени Н.И. Лобачевского» федерального государственного автономного образовательного учреждения высшего образования «Казанский (Приволжский) федеральный университет»","Хуснутдинова","М.","Н.","Ж",7,8,36,null,36,100,"Участник"]
[194,"МБОУ \"Гимназия 125\" гор. Казани","Матевосян","М.","Э.","ж",8,8,35,null,35,100,"Участник","Патранина Татьяна Ивановна","МБОУ \"Гимназия №125\""]
[195,"МБОУ \"Гимназия № 122 имени Ж. А. Зайцевой\"","Старшинов","М.","В.","м",8,8,35,null,35,100,"Участник","Садыков Жаудат Назипович","МБОУ \"Гимназия №122 имени Ж.А. Зайцевой\""]
[196,"Автономная некоммерческая организация общеобразовательная организация «Школа новых технологий»","Фаттахова","С.","Т.","ж",8,8,35,null,35,100,"Участник","Першагин А.","АНО ОО \"Школа новых технологий\""]
[197,"МБОУ \"Татарская гимназия №2 при КФУ\"","Бегишева","А.","А.","ж",8,8,34,null,34,100,"Участник","Юнусова Гузель Равилевна","МБОУ \"Татарская гимназия №2 при КФУ\""]
[198,"Муниципальное автономное общеобразовательное учреждение \"Гимназия №141\" Советского района г.Казани","Ахмадуллин","И.","Р.","м",8,8,33,null,33,100,"Участник","Гармашова Юлия Николаевна","МАОУ \"Гимназия №141\""]
[199,"МАОУ \"Средняя общеобразовательная школа 18 с углубленным изучением английского языка\" Вахитовского района города Казани","Майоров","А.","С.","м",8,8,33,null,33,100,"Участник","Смагина И.В.","МАОУ \"Школа №18\""]
[200,"МБОУ \"Татарская гимназия №17 имени Г.Ибрагимова\"","Сафин","А.","Р.","м",8,8,33,null,33,100,"Участник","Фархутдинов Ильшат Мансурович","Муниципальное бюджетное общеобразовательное учреждение «Татарская гимназия №17 имени Г. Ибрагимова» Московского района г. Казани"]
[201,"Муниципальное автономное общеобразовательное учреждение \"Гимназия №141\" Советского района г.Казани","Федорова","А.","К.","ж",8,8,33,null,33,100,"Участник","Гармашова Юлия Николаевна","МАОУ \"Гимназия №141\""]
[202,"МАОУ \"Средняя общеобразовательная школа 18 с углубленным изучением английского языка\" Вахитовского района города Казани","Шаймарданова","М.","А.","ж",8,8,32,null,32,100,"Участник","Смагина И.В.","МАОУ \"Школа №18\""]
[203,"МБОУ \"Татарская гимназия №2 при КФУ\" Московского района","Гирфанова","К.","Л.","Ж",7,8,31,null,31,100,"Участник","Шакирова Рузиля Раисовна","МБОУ \"Татарская гимназия №2 при КФУ\" Московского района"]
[204,"МБОУ \"Школа №143\"","Елизаров","А.","Д.","ж",8,8,31,null,31,100,"Участник","Мухамматгалиев Алмаз Марсович","МБОУ \"Школа№143\""]
[205,"Муниципальное бюджетное общеобразовательное учреждение \"Средняя общеобразовательная школа №15 с углубленным изучением отдельных предметов\" Советского района г.Казани","Зарицкий","М.","А.","м",8,8,31,null,31,100,"Участник","Филатов И.А.","МБОУ \"Школа №15\""]
[206,"Автономная некоммерческая организация «Международная школа Казани»","Максудов","М.","Р.","м",8,8,31,null,31,100,"Участник","Вишневский Тимур Дмитриевич","АНОО \"Международная школа Казани\""]
[207,"МБОУ \"Средняя общеобразовательная школа №55 с углубленным изучением отдельных предметов\"","Мотков","А.","С.","м",8,8,31,null,31,100,"Участник","ФатхееваАлёнаВалереьвна","МБОУ\"Школа№55\""]
[208,"Муниципальное автономное общеобразовательное учреждение «Гимназия №19» Приволжского района г. Казани","Тринкунайте","А.","О.","ж",7,8,31,null,31,100,"Участник","Кумаева Людмила Васильевна","МАОУ \"Гимназия №19\" Приволжского района г.Казани"]
[209,"Федеральное государственное казенное образовательное учреждение \"Казанское суворовское училище министерства обороны Российской Федерации'","Хуснетдинов","Т.","М.","м",8,8,31,null,31,100,"Участник","Чудинова Гулия Зариповна","ФГКОУ\"Казанское суворовское военное училище\""]
[210,"Муниципальное бюджетное общеобразовательное учреждение \"Гимназия №20 имени Абдуллы Алиша\" Советского района г.Казани","Галимуллин","Э.","Т.","м",8,8,29,null,29,100,"Участник","Закирова Азалина Азатовна","МБОУ \"Гимназия №20 имени Абдуллы Алиша\" Советского района г.Казани"]
[211,"Муниципальное бюджетное образовательное учреждение \"Гимназия № 90\" Советского района города Казани","Камаева","Д.","Р.","ж",8,8,29,null,29,100,"Участник","Михайлова Тамара Борисовна","МБОУ \"Гимназия № 90\" Советского района г. Казани"]
[212,"МАОУ \"Средняя общеобразовательная школа 18 с углубленным изучением английского языка\" Вахитовского района города Казани","Крылов","А.","Р.","м",8,8,29,null,29,100,"Участник","Смагина И.В.","МАОУ \"Школа №18\""]
[213,"Федеральное государственное казенное образовательное учреждение \"Казанское суворовское училище министерства обороны Российской Федерации'","Рахманов","С.","В.","м",8,8,29,null,29,100,"Участник","Чудинова Гулия Зариповна","ФГКОУ\"Казанское суворовское военное училище\""]
[214,"МБОУ «Гимназия №12 с татарским языком обучения имени Ф.Г.Аитовой»","Сафина","К.","Р.","ж",8,8,29,null,29,100,"Участник","Ямбулатова Алсу Анваровна","Муниципальное бюджетное общеобразовательное учреждение \"Гимназия 12 им. Ф.Г. Аитовой\" г.Казани Республики Татарстан"]
[215,"МБОУ \"Татарская гимназия №2 при КФУ\"","Мусин","Ш.","А.","м",8,8,28,null,28,100,"Участник","Шакирова Рузиля Раисовна","МБОУ \"Татарская гимназия №2 при КФУ\""]
[216,"МБОУ \"Татарская гимназия №2 при КФУ\" Московского района","Нигметзянов","Б.","И.","М",7,8,28,null,28,100,"Участник","Юнусова Гузель Равилевна","МБОУ \"Татарская гимназия №2 при КФУ\" Московского района"]
[217,"МБОУ \"Гимназия №9\"","Осипов","Д.","И.","м",8,8,28,null,28,100,"Участник","Кравченко Юлия Геннадьевна","МБОУ \"Гимназия №9\""]
[218,"МБОУ \"Лицей №78 \"Фарватер\" Приволжского района г.Казани","Тихонова","Ю.","И.","ж",8,8,28,null,28,100,"Участник","Тумакаева Зухра Наилевна","МБОУ \"Лицей №78 \"Фарватер\" Приволжского района г.Казани"]
[219,"МБОУ \"Средняя общеобразовательная татарско-русская школа №34\" ","Пепич","Э.","А.","м",8,8,27,null,27,100,"Участник","Лебедева Оксана Валерьевна","МБОУ \"Школа №34\" Московского района г. Казани"]
[220,"МБОУ \"Татарская гимназия №2 при КФУ\"","Сайфина","Д.","А.","ж",8,8,27,null,27,100,"Участник","Юнусова Гузель Равилевна","МБОУ \"Татарская гимназия №2 при КФУ\""]
[221,"МБОУ \"Гимназия №183\"","Султанов","Д.","Л.","м",8,8,27,null,27,100,"Участник","Сафин М.М.","МБОУ \"Гимназия №183\""]
[222,"МБОУ \"Средняя общеобразовательная школа №70 с углубленным изучением отдельных предметов\"","Ухаткина","Э.","А.","ж",8,8,27,null,27,100,"Участник","Никифорова Т.Е.","МБОУ \"Школа № 70\""]
[223,"МБОУ \"Гимназия №3 с татарским языком обучения\"","Валишин","И.","Н.","м",8,8,26,null,26,100,"Участник","Сагеев Марат Ильдарович","МБОУ \"Гимназия №3 с татарским языком обучения\" Кировского района г. Казани"]
[224,"Муниципальное бюджетное общеобразовательное учреждение «Лицей №83 - Центр образования» Приволжского района г. Казани","Солнцев","В.","П.","м",8,8,26,null,26,100,"Участник","Гилязова Наиля Рашитовна","МБОУ \"Лицей №83-ЦО\" Приволжского района г.Казани"]
[225,"МБОУ \"Лицей № 116 имени Героя Советского Союза А.С. Умеркина\" Вахитовского района г.Казани","Ярусов","Э.","А.","м",8,8,26,null,26,100,"Участник","Лунева Э.И.","МБОУ \"Лицей № 116 имени Героя Советского Союза А.С.Умеркина\" Вахитовского района г.Казани"]
[226,"МБОУ \"Средняя общеобразовательная школа №64\"","Гурьева","В.","А.","ж",8,8,25,null,25,100,"Участник","Галеева Мадина Анваровна","МБОУ \"Школа №64\""]
[227,"МБОУ \"Лицей №145\"","Строгонова","М.","П.","ж",8,8,25,null,25,100,"Участник","Садиков Ирек Ильдарович","Муниципальное бюджетное общеобразовательное учреждение \"Лицей №145\" Авиастроительного района г. Казани"]
[228,"МАОУ \"Средняя общеобразовательная школа 18 с углубленным изучением английского языка\" Вахитовского района города Казани","Шамгунова","С.","М.","ж",8,8,25,null,25,100,"Участник","Смагина И.В.","МАОУ \"Школа №18\""]
[229,"МБОУ \"Гимназия №13\"","Габдрахманов","А.","А.","м",8,8,24,null,24,100,"Участник","Низамова Лилия Габделхалимовна","МБОУ \"Гимназия № 13 с татарским языком обучения\" Ново-Савиновского района г. Казани"]
[230,"МБОУ \"Татарская гимназия №2 при КФУ\" Московского района","Замалетдинов","К.","Р.","М",7,8,24,null,24,100,"Участник","Юнусова Гузель Равилевна","МБОУ \"Татарская гимназия №2 при КФУ\" Московского района"]
[231,"МБОУ \"Гимназия №13\"","Гильмеев","Т.","А.","м",8,8,23,null,23,100,"Участник","Низамова Лилия Габделхалимовна","МБОУ \"Гимназия № 13 с татарским языком обучения\" Ново-Савиновского района г. Казани"]
[232,"Автономная некоммерческая организация «Международная школа Казани»","Соломонов","К.","А.","м",8,8,23,null,23,100,"Участник","Вишневский Тимур Дмитриевич","АНОО \"Международная школа Казани\""]
[233,"Муниципальное автономное общеобразовательное учреждение «Гимназия №19» Приволжского района г. Казани","Мустафина","С.","М.","ж",8,8,22,null,22,100,"Участник","Галимов Айдар Фаргатович","МАОУ \"Гимназия №19\" Приволжского района г.Казани"]
[234,"МБОУ \"Гимназия №102 имени М.С.Устиновой\"","Пустобаева","К.","В.","ж",8,8,22,null,22,100,"Участник","Щербакова Т.М.","МБОУ \"Гимназия №102\""]
[235,"МБОУ \"Средняя общеобразовательная школа №64\"","Романов","Д.","Д.","м",8,8,22,null,22,100,"Участник","Галеева Мадина Анваровна","МБОУ \"Школа №64\""]
[236,"МБОУ \"Политехнический лицей №182\" ","Хамитова","А.","А.","ж",8,8,22,null,22,100,"Участник","Галина Азалия Маратовна","МБОУ \"Лицей №182\""]
[237,"Автономная некоммерческая организация «Международная школа Казани»","Ахмадеев","Э.","Л.","м",8,8,21,null,21,100,"Участник","Вишневский Тимур Дмитриевич","АНОО \"Международная школа Казани\""]
[238,"Муниципальное бюджетное общеобразовательное учреждение \"Гимназия №174\" Советского района г.Казани.","Вильданова","С.","Р.","ж",8,8,21,null,21,100,"Участник","Михайлова Е.П.","МБОУ \"Гимназия № 174\"Советского района г. Казани"]
[239,"Муниципальное бюджетное общеобразовательное учреждение \"Гимназия №20 имени Абдуллы Алиша\" Советского района г.Казани","Файзуллин","Р.","М.","м",8,8,21,null,21,100,"Участник","Закирова Азалина Азатовна","МБОУ \"Гимназия №20 имени Абдуллы Алиша\" Советского района г.Казани"]
[240,"МБОУ «Татарско-русская средняя общеобразовательная школа №68 с углублённым изучением отдельных предметов» Приволжского района г. Казани","Егорова","М.","А.","ж",8,8,20,null,20,100,"Участник","Баширова Лилия Рамильевна","МБОУ \"Школа 68\""]
[241,"СУНЦ IT-лицей КФУ","Калимуллин","Р.","Р.","М",7,8,20,null,20,100,"Участник","Белякова Ксения Валерьевна","СУНЦ IT-лицей КФУ"]
[242,"Муниципальное бюджетное общеобразовательное учреждение «Многопрофильный лицей №185» Советского района г.Казани","Мурадышев","Р.","И.","м",8,8,20,null,20,100,"Участник","Веденяпина Ирина Александровна","МБОУ \"Многопрофильный лицей №185\""]
[243,"Муниципальное бюджетное общеобразовательное учреждение «Многопрофильный лицей №186 - «Перспектива» Приволжского района г.Казани","Попов","И.","И.","м",8,8,20,null,20,100,"Участник","Бастракова Ирина Владимировна","МБОУ \"Лицей №186 Перспектива\""]
[244,"МБОУ \"Лицей №78 \"Фарватер\" Приволжского района г.Казани","Антипов","А.","А.","м",8,8,19,null,19,100,"Участник","Тумакаева Зухра Наилевна","МБОУ \"Лицей №78 \"Фарватер\" Приволжского района г.Казани"]
[245,"МБОУ \"Гимназия №102 имени М.С.Устиновой\"","Ахметов","Б.","И.","м",8,8,19,null,19,100,"Участник","Щербакова Т.М.","МБОУ \"Гимназия №102\""]
[246,"МБОУ \"Татарская гимназия №2 при КФУ\"","Ахунова","А.","Р.","ж",8,8,19,null,19,100,"Участник","Юнусова Гузель Равилевна","МБОУ \"Татарская гимназия №2 при КФУ\""]
[247,"МБОУ \"Политехнический лицей №182\" ","Гарибзянова","И.","Р.","ж",8,8,19,null,19,100,"Участник","Галина Азалия Маратовна","МБОУ \"Лицей №182\""]
[248,"МБОУ \"Татарская гимназия №2 при КФУ\" Московского района","Хасанов","К.","Г.","М",7,8,19,null,19,100,"Участник","Юнусова Гузель Равилевна","МБОУ \"Татарская гимназия №2 при КФУ\" Московского района"]
[249,"МБОУ \"Школа №71\" г.Казани","Идрисов","Р.","И.","м",8,8,18,null,18,100,"Участник","Сагдиева Римма Фаридовна","МБОУ \"Школа №71\" г.Казани"]
[250,"МБОУ \"Средняя общеобразовательная татарско-русская школа №34\" ","Носова","Д.","А.","ж",8,8,18,null,18,100,"Участник","Лебедева Оксана Валерьевна","МБОУ \"Школа №34\" Московского района г. Казани"]
[251,"МБОУ  \"ШКОЛА №32\"","Удалов","И.","Д.","м",8,8,18,null,18,100,"Участник","Салахов Динар Дамирович","МБОУ \"Школа №32\""]
[252,"МБОУ \"Гимназия №94 имени Л.Н. Мурысина\"","Филиппов","Я.","В.","м",8,8,18,null,18,100,"Участник","Хлопочкина К.В.","МБОУ Гимназия94 им.Л.Н.Мурысина"]
[253,"МБОУ \"Гимназия №13\"","Хадиев","И.","И.","м",8,8,18,null,18,100,"Участник","Низамова Лилия Габделхалимовна","МБОУ \"Гимназия № 13 с татарским языком обучения\" Ново-Савиновского района г. Казани"]
[254,"Муниципальное бюджетное общеобразовательное учреждение \"Гиимназия №184им.М.И.Махмутова\"Советского района г.Казани","Глотова","К.","А.","ж",8,8,17,null,17,100,"Участник","Насыбуллин Ленар Айратович","МБОУ \"Гимназия №184\""]
[255,"МБОУ \"Лицей №145\"","Диков","Т.","А.","м",8,8,17,null,17,100,"Участник","Фомина Евгения Александровна","Муниципальное бюджетное общеобразовательное учреждение \"Лицей №145\" Авиастроительного района г. Казани"]
[256,"Муниципальное бюджетное общеобразовательное учреждение «Русско-татарская средняя общеобразовательная школа №97» Приволжского района г. Казани. ","Ельшевский","И.","Д.","м",8,8,17,null,17,100,"Участник","Тюгаев Ильяс Асиятович","Школа №97"]
[257,"МБОУ \"Школа №98 (татарско-русская)\" Вахитовского района г. Казани","Скобелев","А.","Д.","м",8,8,17,null,17,100,"Участник","Иванова Вера Андреевна"]
[258,"Муниципальное бюджетное общеобразовательное учреждение «Лицей №83 - Центр образования» Приволжского района г. Казани","Хасанов","М.","Э.","м",8,8,17,null,17,100,"Участник","Гилязова Наиля Рашитовна","МБОУ \"Лицей №83-ЦО\" Приволжского района г.Казани"]
[259,"Муниципальное бюджетное общеобразовательное учреждение \"Средняя общеобразовательная русско-татарская школа №124\"","Кадиров","И.","А.","м",8,8,16,null,16,100,"Участник","Гимадеева Лилия Хайдяровна"]
[260,"Мунципальное бюджетное общеобразовательное учреждение \"Гимназия №126\" Советского района г.Казани","Кислякова","А.","О.","ж",8,8,16,null,16,100,"Участник","Абдуллина Алина Гаяновна","МБОУ \"Гимназия №126\""]
[261,"МБОУ  \"ШКОЛА №32\"","Петров","Д.","С.","м",8,8,16,null,16,100,"Участник","Салахов Динар Дамирович","МБОУ \"Школа №32\""]
[262,"МБОУ \"Татарская гимназия №15\"","Рощина","Р.","А.","ж",8,8,16,null,16,100,"Участник","Сагдиева Феруза Идрисовна","МБОУ «Татарская гимназия №15» Кирговского района г.Казани"]
[263,"МБОУ  \"ШКОЛА №32\"","Тарасов","Д.","В.","м",8,8,16,null,16,100,"Участник","Салахов Динар Дамирович","МБОУ \"Школа №32\""]
[264,"МБОУ \"Гимназия №102 имени М.С.Устиновой\"","Зинкина","Л.","В.","ж",8,8,15,null,15,100,"Участник","Щербакова Т.М.","МБОУ \"Гимназия №102\""]
[265,"МБОУ \"Лицей №145\"","Субботина","О.","А.","ж",8,8,15,null,15,100,"Участник","Фомина Евгения Александровна","Муниципальное бюджетное общеобразовательное учреждение \"Лицей №145\" Авиастроительного района г. Казани"]
[266,"МБОУ \" Школа №111\"","Петрова","А.","С.","ж",8,8,14,null,14,100,"Участник","Шагдалеева Альфия Фиалетовна","МБОУ \"Школа №111\""]
[267,"МБОУ «Лицей №23»","Хайруллина","Д.","А.","ж",8,8,14,null,14,100,"Участник","МустафинаА.Ф.","МБОУ\"Лицей№23\"г.Казани"]
[268,"МБОУ \"Гимназия №10\" Авиастроительного района г. Казани","Галимов","А.","Р.","м",8,8,13,null,13,100,"Участник","Галиев Инзиль Илфакович","МБОУ \"Гимназия №10\" Авиастроительного района г.Казани"]
[269,"Муниципальное бюджетное общеобразовательное учреждение «Многопрофильный лицей №185» Советского района г.Казани","Мустафин","М.","Д.","м",8,8,13,null,13,100,"Участник","Веденяпина Ирина Александровна","МБОУ \"Многопрофильный лицей №185\""]
[270,"Муниципальное бюджетное общеобразовательное учреждение \"Средняя общеобразовательная русско-татарская школа №124\"","Меньшикова","Д.","А.","ж",8,8,11,null,11,100,"Участник","Гимадеева Лилия Хайдяровна"]
[271,"МБОУ «Лицей №23»","Мингазова","Э.","Р.","ж",8,8,11,null,11,100,"Участник","МустафинаА.Ф.","МБОУ\"Лицей№23\"г.Казани"]
[272,"МБОУ «Средняя общеобразовательная школа №151 с углубленным изучением отдельных предметов» ","Романчев","И.","В.","м",7,8,11,null,11,100,"Участник","Тимофеева Наталья Владимировна","МБОУ \"Средняя общеобразовательная школа №151 с углубленным изучением отдельных предметов\" Кировского района города Казани"]
[273,"Муниципальное бюджетное общеобразовательное учреждение \"Гимназия №20 имени Абдуллы Алиша\" Советского района г.Казани","Шаймарданов","А.","Р.","м",8,8,11,null,11,100,"Участник","Закирова Азалина Азатовна","МБОУ \"Гимназия №20 имени Абдуллы Алиша\" Советского района г.Казани"]
[274,"МБОУ \"Лицей №145\"","Спирчин","К.","А.","м",8,8,8,null,8,100,"Участник","Фомина Евгения Александровна","Муниципальное бюджетное общеобразовательное учреждение \"Лицей №145\" Авиастроительного района г. Казани"]
[275,"Муниципальное бюджетное общеобразовательное учреждение «Средняя общеобразовательная русско-татарская школа №161» Советского района г. Казани","Фролова","П.","Д.","ж",8,8,8,null,8,100,"Участник","Джураев Рустам Анварович","МБОУ \"Школа № 161\""]
[276,"МБОУ \"Гимназия №20 \"Гармония\"\"","Печенькова","Д.","А.","ж",8,8,7,null,7,100,"Участник","Салимова Зайтуна Муфараковна"]
[277,"Муниципальное бюджетное общеобразовательное учреждение \"Средняя общеобразовательная русско-татарская школа №124\"","Семенова","Д.","С.","ж",8,8,7,null,7,100,"Участник","Гимадеева Лилия Хайдяровна"]
[278,"МАОУ \"Средняя общеобразовательная школа 18 с углубленным изучением английского языка\" Вахитовского района города Казани","Талапин","Д.","С.","м",8,8,7,null,7,100,"Участник","Смагина И.В.","МАОУ \"Школа №18\""]
[279,"адымнар","Тухватуллин","И.","Р.","м",8,8,7,null,7,100,"Участник","Мамбетова НИ","ГАОУ \"Адымнар\" г. Казани"]
[280,"Муниципальное бюджетное общеобразовательное учреждение «Средняя общеобразовательная русско-татарская школа №13» Вахитовского района г. Казани","Зайнуллин","К.","Р.","м",8,8,3,null,3,100,"Участник","Каллаур А.О","МБОУ \"Школа13\""]
[281,"Муниципальное автономное общеобразовательное учреждение для детей, проявивших выдающиеся способности «Средняя общеобразовательная школа-интернат «Специализированный олимпиадно-научный центр «СОлНЦе» Вахитовского района г. Казани","Савина","А.","С.","ж",8,8,3,null,3,100,"Участник","Латыпов А.Р","МАОУ СОШИ \"СОлНЦе\""]
[282,"лицей-интернат 7","Надиров","З.","А.","м",9,9,68,null,68,100,"Победитель","Алексеева Лариса Владимировна","МАОУ \"Лицей-интернат №7\" ново-Савиновского района г. Казани"]
[283,"лицей-интернат 7","Гараев","И.","Р.","м",9,9,59,null,59,100,"Призер","Алексеева Лариса Владимировна","МАОУ \"Лицей-интернат №7\" ново-Савиновского района г. Казани"]
[284,"МАОУ \"Лицей №146 \"Ресурс\"","Якупов","Х.","И.","м",9,9,51,5,56,100,"Призер","Халиуллина Р.Р.","МАОУ \"Лицей 146 \"Ресурс\""]
[285,"МБОУ \"Гимназия № 122 имени Ж. А. Зайцевой\"","Низамутдинов","А.","А.","м",9,9,56,null,56,100,"Призер","Чайковская Светлана Валентиновна","МБОУ \"Гимназия №122 имени Ж.А.Зайцевой\""]
[286,"лицей-интернат 7","Хамматов","К.","И.","м",9,9,56,null,56,100,"Призер","Столяров Алексей Михайлович","МАОУ \"Лицей-интернат №7\" ново-Савиновского района г. Казани"]
[287,"общеобразовательная школа-интернат «Лицей имени Н.И. Лобачевского» федерального государственного автономного образовательного учреждения высшего образования «Казанский (Приволжский) федеральный университет»","Серебряков","Д.","В.","м",9,9,38,null,38,100,"Участник","Билалова Д.С.","ОШИ \"Лицей имени Н.И. Лобачевского\" КФУ"]
[288,"Муниципальное автономное общеобразовательное учреждение \"Лицей №131\" Вахитовского района г. Казани","Шайхутдинов","А.","Р.","м",9,9,36,null,36,100,"Участник","Улыбин Григорий Иванович","МАОУ \"Лицей №131\""]
[289,"МБОУ \"Школа №91\"","Гордеева","П.","С.","ж",9,9,29,null,29,100,"Участник","Бурганова Т.Н.","МБОУ \"Школа №91\""]
[290,"МАОУ \"Лицей-интернат №2\"","Сингатуллин","Д.","И.","м",9,9,29,null,29,100,"Участник","Мухин Владимир Игоревич","МАОУ \"Лицей-интернат№2\""]
[291,"Муниципальное бюджетное общеобразовательное учреждение «Лицей №83 - Центр образования» Приволжского района г. Казани","Нуреев","А.","А.","м",9,9,28,null,28,100,"Участник","Волкова Эльвира Николаевна","МБОУ \"Лицей№83-ЦО\"Приволжского района г.Казани"]
[292,"МАОУ \"Лицей №146 \"Ресурс\"","Валеев","А.","А.","м",9,9,25,2,27,100,"Участник","Халиуллина Р.Р.","МАОУ \"Лицей 146 \"Ресурс\""]
[293,"Частное общеобразовательное учреждение \"Академический Лицей им. Н.И.Лобачевского\"","Киреева","В.","В.","ж",9,9,27,null,27,100,"Участник","Ковенко Д.Д,","ЧОУ \"Академический Лицей им. Н.И.Лобачевского\""]
[294,"МБОУ \"Гимназия №102 имени М.С.Устиновой\"","Кузнецов","Я.","А.","м",9,9,26,null,26,100,"Участник","Щербакова Т.М.","МБОУ \"Гимназия №102\""]
[295,"Муниципальное автономное общеобразовательное учреждение\"Средняя общеобразовательная школа 39 с углубленным изучением английского языка Вахитовского района г.Казани","Петров","А.","Д.","м",9,9,26,null,26,100,"Участник","Скокова Е.С.","МАОУ \"Школа №39\""]
[296,"МБОУ \"Гимназия №13\"","Султеева","З.","Ф.","ж",9,9,26,null,26,100,"Участник","Низамова Лилия Габделхалимовна","МБОУ \"Гимназия № 13 с татарским языком обучения\" Ново-Савиновского района г. Казани"]
[297,"школа 49","Школа","Е.","А.","ж",9,9,26,null,26,100,"Участник","Киселева Н.Н.","МБОУ \"СОШ №49\""]
[298,"МБОУ \"Гимназия № 122 имени Ж. А. Зайцевой\"","Данилова","А.","А.","ж",9,9,24,null,24,100,"Участник","Садыков Жаудат Назипович","МБОУ \"Гимназия №122 имени Ж.А. Зайцевой\""]
[299,"Муниципальное бюджетное общеобразовательное учреждение «Многопрофильный лицей №186 - «Перспектива» Приволжского района г.Казани","Козулин","С.","Р.","м",9,9,24,null,24,100,"Участник","Бастракова Ирина Владимировна","МБОУ \"Лицей №186 Перспектива\""]
[300,"МБОУ \"Гимназия №102 имени М.С.Устиновой\"","Крашениников","Е.","М.","м",9,9,24,null,24,100,"Участник","Щербакова Т.М.","МБОУ \"Гимназия №102\""]
[301,"МБОУ \"Гимназия № 122 имени Ж. А. Зайцевой\"","Пирогова","А.","А.","ж",9,9,24,null,24,100,"Участник","Чайковская Светлана Валентиновна","МБОУ \"Гимназия №122 имени Ж.А.Зайцевой\""]
[302,"Муниципальное общеобразовательное учреждение \"Средняя общеобразовательная школа №69\" Приволжского района г.Казани","Балакирев","А.","С.","м",9,9,23,null,23,100,"Участник","Хазиева О.А.","МБОУ «СОШ №69» Приволжского района г.Казани"]
[303,"Специализированный учебный научный центр – общеобразовательная школа-интернат «IT-лицей» федерального государственного автономного образовательного учреждения высшего образования «Казанский (Приволжский) федеральный университет»","Закиров","А.","И.","м",9,9,23,null,23,100,"Участник","Галимзянова М.А.","СУНЦ IT-лицей КФУ"]
[304,"Муниципальное автономное общеобразовательное учреждение \"Гимназия №141\" Советского района г.Казани","Савельев","И.","А.","м",9,9,23,null,23,100,"Участник","Идиятова Алена Валерьевна","МАОУ \"Гимназия №141\""]
[305,"МБОУ \"Средняя общеобразовательная школа №55 с углубленным изучением отдельных предметов\"","Хасанова","А.","М.","ж",9,9,23,null,23,100,"Участник","ФатхееваАлёнаВалереьвна","МБОУ\"Школа№55\""]
[306,"Муниципальное автономное общеобразовательное учреждение\"Средняя общеобразовательная школа 39 с углубленным изучением английского языка Вахитовского района г.Казани","Белова","М.","С.","ж",9,9,22,null,22,100,"Участник","Скокова Е.С.","МАОУ \"Школа №39\""]
[307,"СУНЦ IT-лицей КФУ","Билалов","М.","Д.","М",8,9,22,null,22,100,"Участник","Галимзянова Мадина Ахтямовна","СУНЦ IT-лицей КФУ"]
[308,"МБОУ \"Гимназия №4 с татарским языком обучения\" ","Исраилова","К.","К.","ж",9,9,22,null,22,100,"Участник","Гайнутдинова Ильмира Альбертовна","МБОУ \"Гимназия №4\" Кировского района г. Казани"]
[309,"Муниципальное бюджетное общеобразовательное учреждение «Лицей №83 - Центр образования» Приволжского района г. Казани","Карагузина","Э.","Р.","ж",9,9,22,null,22,100,"Участник","Волкова Эльвира Николаевна","МБОУ \"Лицей№83-ЦО\"Приволжского района г.Казани"]
[310,"Федеральное государственное казенное образовательное учреждение \"Казанское суворовское училище министерства обороны Российской Федерации'","Мушарапов","Р.","А.","м",9,9,22,null,22,100,"Участник","Наумова Марина Леонидовна","ФГКОУ\"Казанское суворовское военное училище\""]
[311,"ФГКОУ \"Казанское суворовское военное училище\"","Смирнов","М.","В.","М",8,9,22,null,22,100,"Участник","Наумова Марина Леонидовна","ФГКОУ \"Казанское суворовское военное училище\""]
[312,"общеобразовательная школа-интернат «Лицей имени Н.И. Лобачевского» федерального государственного автономного образовательного учреждения высшего образования «Казанский (Приволжский) федеральный университет»","Гатиятуллин","А.","Р.","м",9,9,21,null,21,100,"Участник","Билалова Д.С.","ОШИ \"Лицей имени Н.И. Лобачевского\" КФУ"]
[313,"МБОУ \"Средняя общеобразовательная школа №70 с углубленным изучением отдельных предметов\"","Гайнутдинов","Н.","М.","м",9,9,20,null,20,100,"Участник","Андреева Дарья Романовна","МБОУ \"Школа № 70\""]
[314,"Муниципальное бюджетное общеобразовательное учреждение \"Гимназия №8 - Центр образования\" Советского района г.Казани","Гуськов","Г.","А.","м",9,9,20,null,20,100,"Участник","Трубникова Юлия Рустамовна","Гимназия №8-Центр Образования"]
[315,"МБОУ \"Гимназия №20 \"Гармония\"\"","Никонов","И.","Д.","м",9,9,20,null,20,100,"Участник","Салимова Зайтуна Муфараковна"]
[316,"Школа 9","Сарбайцев","Д.","М.","м",9,9,20,null,20,100,"Участник","Нургалиева Л.П.","МБОУ \"Школа №9\""]
[317,"Муниципальное бюджетное общеобразовательное учреждение «Многопрофильный лицей №185» Советского района г.Казани","Халимов","Т.","И.","м",9,9,20,null,20,100,"Участник","Минабутдинова Аделина Гусмановна","МБОУ \"Многопрофильный лицей №185\""]
[318,"МБОУ \"Лицей №78 \"Фарватер\" Приволжского района г.Казани","Хаметов","К.","А.","м",9,9,20,null,20,100,"Участник","Маннанова Галина Михайловна","МБОУ \"Лицей №78 \"Фарватер\" Приволжского района г.Казани"]
[319,"МБОУ \"Гимназия №75\"","Бескиеру","Е.","С.","Ж",9,9,19,null,19,100,"Участник","Артамошина Марина Александровна","МБОУ \"Гимназия №75\" Московского района"]
[320,"МБОУ \" Гимназия №33\"","Лазарева","Ю.","Н.","ж",9,9,19,null,19,100,"Участник","Валиев Ильмар Ильдарович","МБОУ \"Гимназия №33\""]
[321,"Муниципальное бюджетное общеобразовательное учреждение \"Лицей 159 имени С.Х.Загидуллиной\"","Майкова","Е.","Д.","ж",9,9,19,null,19,100,"Участник","Ештокина Елена Владимировна","МБОУ \"Лицей 159 имени С.Х.Загидуллиной\""]
[322,"МБОУ \"Школа №62\"","Неволина","К.","Р.","ж",9,9,19,null,19,100,"Участник","Шагеева Р.Ф.","МБОУ \"Школа № 62\" Авиастроительного района г.Казани"]
[323,"МБОУ \"Гимназия №3\" Вахитовского района ","Селиванова","К.","Р.","Ж",8,9,19,null,19,100,"Участник","Казакова Карина Николаевна","МБОУ \"Гимназия №3\" Вахитовского района "]
[324,"школа 85","Бадрутдинова","К.","Н.","ж",9,9,18,null,18,100,"Участник","Махмутова Марина Николаевна","АНО СЦ \"Юные Творцы\""]
[325,"ФГКОУ \"Казанское суворовское военное училище\"","Басов","А.","С.","М",8,9,18,null,18,100,"Участник","Наумова Марина Леонидовна","ФГКОУ \"Казанское суворовское военное училище\""]
[326,"Специализированный учебный научный центр – общеобразовательная школа-интернат «IT-лицей» федерального государственного автономного образовательного учреждения высшего образования «Казанский (Приволжский) федеральный университет»","Русских","И.","С.","м",9,9,18,null,18,100,"Участник","Галимзянова М.А.","СУНЦ IT-лицей КФУ"]
[327,"МБОУ \"Гимназия №20 \"Гармония\"\"","Чурбанова","Е.","С.","ж",9,9,18,null,18,100,"Участник","Салимова Зайтуна Муфараковна"]
[328,"МБОУ \"Средняя общеобразовательная школа №153\"","Шайхутдинова","а.","М.","ж",9,9,18,null,18,100,"Участник","Никитина Татьяна Васильевна","МБОУ СОШ 153"]
[329,"Частное общеобразовательное учреждение средняя общеобразовательная школа \"Елена-Сервис\"","Шакирзянов","Т.","Р.","м",9,9,18,null,18,100,"Участник","Сабирова Г.С.","ЧОУ СОШ \"Елена-Сервис\""]
[330,"Муниципальное общеобразовательное учреждение \"Средняя общеобразовательная школа №69\" Приволжского района г.Казани","Башаров","М.","А.","м",9,9,17,null,17,100,"Участник","Хазиева О.А.","МБОУ «СОШ №69» Приволжского района г.Казани"]
[331,"Муниципальное бюджетное общеобразовательное учреждение \"Гимназия №175\" Советского района г.Казани","Нуретдинов","А.","Р.","м",9,9,17,null,17,100,"Участник","Корнилова Е.Д.","МБОУ \"Гимназия №175\" Советского района г.Казани"]
[332,"МБОУ \"Гимназия № 122 имени Ж. А. Зайцевой\"","Пинчуков","М.","И.","м",9,9,17,null,17,100,"Участник","Чайковская Светлана Валентиновна","МБОУ \"Гимназия №122 имени Ж.А.Зайцевой\""]
[333,"МБОУ \"Школа №62\"","Шайхутдинова","И.","И.","ж",9,9,17,null,17,100,"Участник","Шагеева Р.Ф.","МБОУ \"Школа № 62\" Авиастроительного района г.Казани"]
[334,"Федеральное государственное казенное образовательное учреждение \"Казанское суворовское училище министерства обороны Российской Федерации'","Беус","Д.","Э.","м",9,9,16,null,16,100,"Участник","Наумова Марина Леонидовна","ФГКОУ\"Казанское суворовское военное училище\""]
[335,"МБОУ \"Школа № 54\"","Гатауллин","А.","Р.","м",9,9,16,null,16,100,"Участник","Гараева Е.У.","МБОУ \" Школа №54\"Авиастроительного района г.Казани"]
[336,"Муниципальное автономное общеобразовательное учреждение \"Гимназия №141\" Советского района г.Казани","Денежкина","В.","Д.","ж",9,9,16,null,16,100,"Участник","Идиятова Алена Валерьевна","МАОУ \"Гимназия №141\""]
[337,"Муниципальное бюджетное общеобразовательное учреждение \"Гимназия №40\" Приволжского района г. Казани","Зайнуллина","Л.","И.","ж",9,9,16,null,16,100,"Участник","Малягина Наталья Дмитриевна","МБОУ \"Гимназия №40\""]
[338,"Муниципальное бюджетное общеобразовательное учреждение \"Гиимназия №184им.М.И.Махмутова\"Советского района г.Казани","Мухтаров","А.","Р.","м",9,9,16,null,16,100,"Участник","Фазылзянова И.И.","МБОУ \"Гимназия №184\""]
[339,"МБОУ \"Лицей №78 \"Фарватер\" Приволжского района г.Казани","Саляхутдинов","А.","Р.","м",9,9,16,null,16,100,"Участник","Тумакаева Зухра Наилевна","МБОУ \"Лицей №78 \"Фарватер\" Приволжского района г.Казани"]
[340,"ФГКОУ \"Казанское суворовское военное училище\"","Семагин","Е.","О.","М",8,9,16,null,16,100,"Участник","Наумова Марина Леонидовна","ФГКОУ \"Казанское суворовское военное училище\""]
[341,"Федеральное государственное казенное образовательное учреждение \"Казанское суворовское училище министерства обороны Российской Федерации'","Хайров","С.","М.","м",9,9,16,null,16,100,"Участник","Наумова Марина Леонидовна","ФГКОУ\"Казанское суворовское военное училище\""]
[342,"Муниципальное бюджетное общеобразовательное учреждение \"Многопрофильная школа № 181\" Советского района г.Казани","Халикова","М.","Г.","ж",9,9,16,null,16,100,"Участник","Кадиров Ринат Монирович","МБОУ \"Многопрофильная школа №181\""]
[343,"ФГКОУ \"Казанское суворовское военное училище\"","Храмченков","Д.","М.","М",8,9,16,null,16,100,"Участник","Наумова Марина Леонидовна","ФГКОУ \"Казанское суворовское военное училище\""]
[344,"Частное общеобразовательное учреждение средняя общеобразовательная школа \"Елена-Сервис\"","Шигабутдинова","Д.","А.","ж",9,9,16,null,16,100,"Участник","Сабирова Г.С.","ЧОУ СОШ \"Елена-Сервис\""]
[345,"СУНЦ IT-лицей КФУ","Юсупов","И.","Д.","М",8,9,16,null,16,100,"Участник","Галимзянова Мадина Ахтямовна","СУНЦ IT-лицей КФУ"]
[346,"гимназия 7","Иванов","Ф.","Р.","м",9,9,15,null,15,100,"Участник","Мелехова Г.И.","МБОУ «Гимназия №7 им. Героя России Козина А.В."]
[347,"Муниципальное бюджетное общеобразовательное учреждение «Средняя общеобразовательная школа №169» Советского района г.Казани ","Лад","В.","С.","ж",9,9,15,null,15,100,"Участник","Тарасова С.С.","МБОУ \"Школа №169\""]
[348,"МАОУ \"Лицей №146 \"Ресурс\"","Метлушка","Д.","К.","ж",9,9,15,null,15,100,"Участник","Халиуллина Р.Р.","МАОУ \"Лицей 146 \"Ресурс\""]
[349,"Муниципальное бюджетное общеобразовательное учреждение \"Средняя общеобразовательная школа №171 с углубленным изучением отдельных предметов\" Советского района г.Казани","Музафарова","С.","М.","ж",9,9,15,null,15,100,"Участник","Никифоров Сергей Анатольевич","МБОУ СОШ №171"]
[350,"Федеральное государственное казенное образовательное учреждение \"Казанское суворовское училище министерства обороны Российской Федерации'","Олещук","Г.","П.","м",9,9,15,null,15,100,"Участник","Наумова Марина Леонидовна","ФГКОУ\"Казанское суворовское военное училище\""]
[351,"Муниципальное бюджетное общеобразовательное учреждение «Лицей №83 - Центр образования» Приволжского района г. Казани","Ткаленко","С.","С.","ж",9,9,15,null,15,100,"Участник","Волкова Эльвира Николаевна","МБОУ \"Лицей№83-ЦО\"Приволжского района г.Казани"]
[352,"Муниципальное бюджетное общеобразовательное учреждение \"Средняя общеобразовательная школа №15 с углубленным изучением отдельных предметов\" Советского района г.Казани","Бикметов","Я.","Я.","м",9,9,14,null,14,100,"Участник","Филатов И.А.","МБОУ \"Школа №15\""]
[353,"Муниципальное бюджетное общеобразовательное учреждение \"Гиимназия №184им.М.И.Махмутова\"Советского района г.Казани","Бутин","К.","В.","м",9,9,14,null,14,100,"Участник","Фазылзянова И.И.","МБОУ \"Гимназия №184\""]
[354,"МБОУ \"Татарская гимназия №15\"","Галеева","Р.","Р.","ж",9,9,14,null,14,100,"Участник","Хайруллина ЗайтуняЗуфаровна","МБОУ «Татарская гимназия №15» Кирговского района г.Казани"]
[355,"ФГКОУ \"Казанское суворовское военное училище\"","Кислицын","М.","А.","М",8,9,14,null,14,100,"Участник","Наумова Марина Леонидовна","ФГКОУ \"Казанское суворовское военное училище\""]
[356,"Муниципальное автономное общеобразовательное учреждение \"Многопрофильный лицей №11\" Советского района г.Казань","Юсупзянов","Ш.","Э.","м",9,9,14,null,14,100,"Участник","Яфарова Элина Ильдаровна","МАОУ «Многопрофильный лицей №11»"]
[357,"Муниципальное бюджетное общеобразовательное учреждение «Гимназия №6» Приволжского района г. Казани","Акзигитов","Б.","А.","м",9,9,13,null,13,100,"Участник","Загулов Андрей Владимирович","Муниципальное бюджетное общеобразовательное учреждение «Гимназия №6» Приволжского района г. Казани"]
[358,"школа 117","Бандеров","Л.","А.","м",9,9,13,null,13,100,"Участник","Фахрутдинов Р. Т."]
[359,"МБОУ \"Средняя общеобразовательная школа №64\"","Галеева","С.","Т.","ж",9,9,13,null,13,100,"Участник","Галеева Мадина Анваровна","МБОУ \"Школа №64\""]
[360,"МБОУ \"Гимназия №102 имени М.С.Устиновой\"","Гареев","А.","Р.","м",9,9,13,null,13,100,"Участник","Щербакова Т.М.","МБОУ \"Гимназия №102\""]
[361,"МБОУ \"Лицей №145\"","Гусаров","К.","Д.","м",9,9,13,null,13,100,"Участник","Садиков Ирек Ильдарович","Муниципальное бюджетное общеобразовательное учреждение \"Лицей №145\" Авиастроительного района г. Казани"]
[362,"МБОУ \"Многопрофильный лицей №188\" ","Зенков","И.","А.","м",9,9,13,null,13,100,"Участник","Валитова З.К."]
[363,"МБОУ «Средняя общеобразовательная татарско-русская школа №80 с углубленным изучением отдельных предметов имени К.Насыри» Вахитовского района г. Казани","Камалова","Г.","И.","ж",9,9,13,null,13,100,"Участник","Султанбеков А.Б.","МБОУ \"Школа №80 имени Каюма Насыри\" Вахитоаского района г. Казани"]
[364,"школа 49","Коршунов","К.","М.","м",9,9,13,null,13,100,"Участник","Киселева Н.Н.","МБОУ \"СОШ №49\""]
[365,"МБОУ «Школа № 167» Советского района г. Казани","Морякова","А.","П.","ж",9,9,13,null,13,100,"Участник","Макарова Светлана Анатольевна","Муниципальное бюджетное общеобразовательное учреждение «Средняя общеобразовательная школа № 167 с углубленным изучением отдельных предметов» Советского района г. Казани"]
[366,"Муниципальное бюджетное общеобразовательное учреждение «Многопрофильный лицей №187» Советского района г.Казани","Хайруллин","А.","С.","м",9,9,13,null,13,100,"Участник","Квитко М.В.","МБОУ \"Многопрофильный лицей №187"]
[367,"Муниципальное бюджетное общеобразовательное учреждение \"Татарская гимназия №11\" Советского района г. Казани","Хакимуллин","Ш.","Ф.","м",9,9,13,null,13,100,"Участник","Бариева Рамзиля Абдулахатовна","МБОУ \"Татарская гимназия №11\""]
[368,"Муниципальное бюджетное общеобразовательное учреждение «Лицей №83 - Центр образования» Приволжского района г. Казани","Аксанов","Н.","Р.","м",9,9,12,null,12,100,"Участник","Волкова Эльвира Николаевна","МБОУ \"Лицей№83-ЦО\"Приволжского района г.Казани"]
[369,"МБОУ \"Средняя общеобразовательная школа №137 с углубленным изучением отдельных предметов\"","Васильев","Р.","Ю.","м",9,9,12,null,12,100,"Участник","Ахмедзянова С.Ю."]
[370,"МБОУ «Лицей №23»","Каримов","Т.","Р.","м",9,9,12,null,12,100,"Участник","АпаковР.Х.","МБОУ\"Лицей№23\"г.Казани"]
[371,"Муниципальное бюджетное общеобразовательное учреждение «Многопрофильный лицей №187» Советского района г.Казани","Лукоянова","Е.","А.","ж",9,9,12,null,12,100,"Участник","Квитко М.В","МБОУ \"Многопрофильный лицей №187"]
[372,"МБОУ \"Школа №62\"","Никешина","Я.","А.","ж",9,9,12,null,12,100,"Участник","Шагеева Р.Ф.","МБОУ \"Школа № 62\" Авиастроительного района г.Казани"]
[373,"Муниципальное бюджетное общеобразовательное учреждение \"Средняя общеобразовательная русско-татарская школа №124\"","Ахметов","А.","Р.","м",9,9,11,null,11,100,"Участник","Гимадеева Лилия Хайдяровна"]
[374,"МБОУ «Лицей №23»","Васильев","Н.","Р.","м",9,9,11,null,11,100,"Участник","АпаковР.Х.","МБОУ\"Лицей№23\"г.Казани"]
[375,"МБОУ \"Школа №113\" Ново-Савиновского района","Горланов","В.","Е.","М",8,9,11,null,11,100,"Участник","Герасимова Мария Александровна","МБОУ \"Школа №113\" Ново-Савиновского района"]
[376,"Муниципальное бюджетное общеобразовательное учреждение \"Средняя общеобразовательная школа №15 с углубленным изучением отдельных предметов\" Советского района г.Казани","Горюнов","А.","С.","м",9,9,11,null,11,100,"Участник","Филатов И.А.","МБОУ \"Школа №15\""]
[377,"МБОУ \"Лицей №78 \"Фарватер\" Приволжского района г.Казани","Минебаев","Д.","Т.","м",9,9,11,null,11,100,"Участник","Тумакаева Зухра Наилевна","МБОУ \"Лицей №78 \"Фарватер\" Приволжского района г.Казани"]
[378,"МБОУ \"Средняя общеобразовательная школа №55 с углубленным изучением отдельных предметов\"","Нияздурдыева","М.","Г.","ж",9,9,11,null,11,100,"Участник","ФатхееваАлёнаВалереьвна","МБОУ\"Школа№55\""]
[379,"гимназия 7","Орлов","Д.","Д.","м",9,9,11,null,11,100,"Участник","Мелехова Г.И.","МБОУ «Гимназия №7 им. Героя России Козина А.В."]
[380,"Муниципальное автономное общеобразовательное учреждение\"Средняя общеобразовательная школа 39 с углубленным изучением английского языка Вахитовского района г.Казани","Свирина","Т.","А.","ж",9,9,11,null,11,100,"Участник","Скокова Е.С.","МАОУ \"Школа №39\""]
[381,"МБОУ \"Средняя общеобразовательная школа №137 с углубленным изучением отдельных предметов\"","Суворов","Д.","М.","м",9,9,11,null,11,100,"Участник","Арканова Э.Ш."]
[382,"МБОУ \"Школа №88\"","Титанаков","А.","С.","м",9,9,11,null,11,100,"Участник","Шалимова Е.О.","МБОУ \"Школа №88\""]
[383,"Муниципальное бюджетное общеобразовательное учреждение «Средняя общеобразовательная школа №169» Советского района г.Казани ","Александрова","А.","С.","ж",9,9,10,null,10,100,"Участник","Тарасова С.С.","МБОУ \"Школа №169\""]
[384,"Мунципальное бюджетное общеобразовательное учреждение \"Гимназия №126\" Советского района г.Казани","Мухаметшина","Д.","Р.","ж",9,9,10,null,10,100,"Участник","Юрлова Анна Жоржовна","МБОУ \"Гимназия №126\""]
[385,"МБОУ «Школа № 167» Советского района г. Казани","Сабирова","А.","Г.","ж",9,9,10,null,10,100,"Участник","Кучеренко Валерия Константиновна","Муниципальное бюджетное общеобразовательное учреждение «Средняя общеобразовательная школа № 167 с углубленным изучением отдельных предметов» Советского района г. Казани"]
[386,"МБОУ \"Политехнический лицей №182\" ","Темиржанова","И.","И.","ж",9,9,10,null,10,100,"Участник","Чиркова Людмила Владимировна","МБОУ \"Лицей №182\""]
[387,"Муниципальное бюджетное общеобразовательное учреждение «Средняя общеобразовательная русско-татарская школа №150» Приволжского района города Казани","Абасев","М.","Ю.","м",9,9,9,null,9,100,"Участник","Казеева Ольга Ильдаровна","МБОУ \"Школа №150\""]
[388,"Муниципальное бюджетное общеобразовательное учреждение «Средняя общеобразовательная русско-татарская школа №13» Вахитовского района г. Казани","Абрамов","А.","А.","м",9,9,9,null,9,100,"Участник","Каллаур А.О","МБОУ \"Школа13\""]
[389,"МАОУ \"Средняя общеобразовательная школа 18 с углубленным изучением английского языка\" Вахитовского района города Казани","Абуталипова","А.","А.","ж",9,9,9,null,9,100,"Участник","Бухарина И.В..","МАОУ \"Школа №18\""]
[390,"Муниципальное бюджетное общеобразовательное учреждение \"Гимназия №8 - Центр образования\" Советского района г.Казани","Горностаев","Н.","М.","м",9,9,9,null,9,100,"Участник","Соколова Татьяна Александровна","Гимназия №8-Центр Образования"]
[391,"Муниципальное автономное общеобразовательное учреждение \"Гимназия №141\" Советского района г.Казани","Максимова","В.","А.","ж",9,9,9,null,9,100,"Участник","Идиятова Алена Валерьевна","МАОУ \"Гимназия №141\""]
[392,"Муниципальное бюджетное общеобразовательное учреждение «Гимназия №6» Приволжского района г. Казани","Матвеев","Н.","А.","м",9,9,9,null,9,100,"Участник","Зелепукина Людмила Георгиевна","Муниципальное бюджетное общеобразовательное учреждение «Гимназия №6» Приволжского района г. Казани"]
[393,"МАОУ \"Средняя общеобразовательная школа 18 с углубленным изучением английского языка\" Вахитовского района города Казани","Рамазанова","М.","И.","ж",9,9,9,null,9,100,"Участник","Бухарина И.В..","МАОУ \"Школа №18\""]
[394,"МБОУ \"Школа № 43\"","Хамидуллина","Л.","Р.","ж",9,9,9,null,9,100,"Участник","Шаряфетдинова Гюльнара Ингильевна","Муниципальное бюджетное общеобразовательное учрежедение \"Средняя общеобразовательная школа № 43\""]
[395,"МБОУ «Школа № 167» Советского района г. Казани","Гараев","Д.","И.","м",9,9,8,null,8,100,"Участник","Кучеренко Валерия Константиновна","Муниципальное бюджетное общеобразовательное учреждение «Средняя общеобразовательная школа № 167 с углубленным изучением отдельных предметов» Советского района г. Казани"]
[396,"МБОУ \"Гимназия № 122 имени Ж. А. Зайцевой\"","Горюнов","Л.","К.","м",9,9,8,null,8,100,"Участник","Садыков Жаудат Назипович","МБОУ \"Гимназия №122 имени Ж.А. Зайцевой\""]
[397,"общеобразовательная школа-интернат «Лицей имени Н.И. Лобачевского» федерального государственного автономного образовательного учреждения высшего образования «Казанский (Приволжский) федеральный университет»","Дрогун","Д.","А.","м",9,9,8,null,8,100,"Участник","Билалова Д.С.","ОШИ \"Лицей имени Н.И. Лобачевского\" КФУ"]
[398,"Муниципальное бюджетное общеобразовательное учреждение «Средняя общеобразовательная русско-татарская школа №161» Советского района г. Казани","Мухарямов","Б.","Т.","м",9,9,8,null,8,100,"Участник","Ганеева Алсу Фиргатовна","МБОУ \"Школа № 161\""]
[399,"Муниципальное бюджетное общеобразовательное учреждение \"Гимназия №175\" Советского района г.Казани","Савинова","С.","А.","ж",9,9,8,null,8,100,"Участник","Корнилова Е.Д.","МБОУ \"Гимназия №175\" Советского района г.Казани"]
[400,"МБОУ \" Школа №111\"","Сычев","А.","И.","м",9,9,8,null,8,100,"Участник","Шагдалеева Альфия Фиалетовна","МБОУ \"Школа №111\""]
[401,"Муниципальное бюджетное общеобразовательное учреждение \"Средняя общеобразовательная школа №72 с углубленным изучением немецкого языка\" Советского района г.Казани","Чучалина","В.","С.","ж",9,9,8,null,8,100,"Участник","Миллер Валерия Сергеевна","МБОУ \"Школа №72\" г.Казани Республики Татарстан"]
[402,"Муниципальное бюджетное общеобразовательное учреждение \"Средняя общеобразовательная русско-татарская школа №124\"","Шангараева","А.","И.","ж",9,9,8,null,8,100,"Участник","Гимадеева Лилия Хайдяровна"]
[403,"Муниципальное бюджетное общеобразовательное учреждение \"Средняя общеобразовательная&nbsp;школа&nbsp;№127\" Приволжского района города&nbsp;Казани.","Гордеев","Д.","А.","м",9,9,7,null,7,100,"Участник","Фазлуллина.А.Р.","МБОУ СОШ 127"]
[404,"МАОУ \"Средняя общеобразовательная школа 18 с углубленным изучением английского языка\" Вахитовского района города Казани","Латыпова","С.","М.","ж",9,9,7,null,7,100,"Участник","Бухарина И.В..","МАОУ \"Школа №18\""]
[405,"МБОУ «Многопрофильная гимназия №189 \"Заман\"","Нуруллина","К.","И.","ж",9,9,7,null,7,100,"Участник","Гимадеев Ильфат Халялетдинович","МБОУ Многопрофильная гимназия №189 \"Заман\""]
[406,"МБОУ \"Школа №113\" Ново-Савиновского района","Прокопьев","Р.","В.","М",8,9,7,null,7,100,"Участник","Герасимова Мария Александровна","МБОУ \"Школа №113\" Ново-Савиновского района"]
[407,"МБОУ «Татарско-русская средняя общеобразовательная школа №68 с углублённым изучением отдельных предметов» Приволжского района г. Казани","Феоктистов","К.","И.","м",9,9,7,null,7,100,"Участник","Шарафиева Идьсия Амировна","МБОУ \"Школа 68\""]
[408,"Муниципальное бюджетное общеобразовательное учреждение «Лицей №83 - Центр образования» Приволжского района г. Казани","Хабибуллина","А.","А.","ж",9,9,7,null,7,100,"Участник","Волкова Эльвира Николаевна","МБОУ \"Лицей№83-ЦО\"Приволжского района г.Казани"]
[409,"МБОУ \" Гимназия №33\"","Хабибуллина","С.","Л.","ж",9,9,7,null,7,100,"Участник","Валиев Ильмар Ильдарович","МБОУ \"Гимназия №33\""]
[410,"Муниципальное бюджетное общеобразовательное учреждение \"Средняя общеобразовательная школа №171 с углубленным изучением отдельных предметов\" Советского района г.Казани","Шакирова","Д.","Р.","ж",9,9,7,null,7,100,"Участник","Никифоров Сергей Анатольевич","МБОУ СОШ №171"]
[411,"Муниципальное автономное общеобразовательное учреждение\"Средняя общеобразовательная школа 39 с углубленным изучением английского языка Вахитовского района г.Казани","Кадейкин","Р.","А.","м",9,9,6,null,6,100,"Участник","Скокова Е.С.","МАОУ \"Школа №39\""]
[412,"Мунципальное бюджетное общеобразовательное учреждение \"Гимназия №126\" Советского района г.Казани","Малышев","А.","Ю.","ж",9,9,6,null,6,100,"Участник","Юрлова Анна Жоржовна","МБОУ \"Гимназия №126\""]
[413,"Муниципальное бюджетное общеобразовательное учреждение «Средняя общеобразовательная школа №169» Советского района г.Казани ","Мушкич","С.","М.","ж",9,9,6,null,6,100,"Участник","Тарасова С.С.","МБОУ \"Школа №169\""]
[414,"общеобразовательная школа-интернат «Лицей имени Н.И. Лобачевского» федерального государственного автономного образовательного учреждения высшего образования «Казанский (Приволжский) федеральный университет»","Романов","Н.","А.","м",9,9,6,null,6,100,"Участник","Фаткуллина А.Н.","ОШИ \"Лицей имени Н.И. Лобачевского\" КФУ"]
[415,"МБОУ «Татарско-русская средняя общеобразовательная школа №10 с углубленным изучением отдельных предметов» Приволжского района г. Казани","Гумерова","Э.","Ф.","ж",9,9,5,null,5,100,"Участник","Бердникова Лилия Галимджановна","МБОУ \"Школа №10\""]
[416,"Муниципальное бюджетное общеобразовательное учреждение «Средняя общеобразовательная школа №169» Советского района г.Казани ","Ибрагимова","А.","А.","ж",9,9,5,null,5,100,"Участник","Тарасова С.С.","МБОУ \"Школа №169\""]
[417,"Муниципальное бюджетное общеобразовательное учреждение \"Гиимназия №184им.М.И.Махмутова\"Советского района г.Казани","Курбанов","А. А.",null,"м",9,9,5,null,5,100,"Участник","Фазылзянова И.И.","МБОУ \"Гимназия №184\""]
[418,"МАОУ \"Средняя общеобразовательная школа 18 с углубленным изучением английского языка\" Вахитовского района города Казани","Мельникова","В.","С.","ж",9,9,5,null,5,100,"Участник","Бухарина И.В..","МАОУ \"Школа №18\""]
[419,"Муниципальное бюджетное общеобразовательное учреждение \"Средняя общеобразовательная&nbsp;школа&nbsp;№127\" Приволжского района города&nbsp;Казани.","Бдиев","И.","А.","м",9,9,4,null,4,100,"Участник","Фазлуллина.А.Р.","МБОУ СОШ 127"]
[420,"Муниципальное бюджетное общеобразовательное учреждение \"Средняя общеобразовательная&nbsp;школа&nbsp;№127\" Приволжского района города&nbsp;Казани.","Лукаянов","К.","А.","м",9,9,4,null,4,100,"Участник","Фазлуллина.А.Р.","МБОУ СОШ 127"]
[421,"Муниципальное бюджетное общеобразовательное учреждение «Русско-татарская средняя общеобразовательная школа №97» Приволжского района г. Казани. ","Мухаметзянова","А.","Р.","ж",9,9,4,null,4,100,"Участник","Тюгаев Ильяс Асиятович","Школа №97"]
[422,"Муниципальное бюджетное общеобразовательное учреждение \"Многопрофильная школа № 181\" Советского района г.Казани","Родина","А.","Р.","ж",9,9,4,null,4,100,"Участник","Кадиров Ринат Монирович","МБОУ \"Многопрофильная школа №181\""]
[423,"Муниципальное бюджетное общеобразовательное учреждение «Средняя общеобразовательная школа №169» Советского района г.Казани ","Щербакова","Е.","А.","ж",9,9,4,null,4,100,"Участник","Тарасова С.С.","МБОУ \"Школа №169\""]
[424,"школа 49","Егоров","М.","О.","м",9,9,3,null,3,100,"Участник","Киселева Н.Н.","МБОУ \"СОШ №49\""]
[425,"Муниципальное бюджетное общеобразовательное учреждение «Средняя общеобразовательная школа №169» Советского района г.Казани ","Закиров","А.","А.","м",9,9,3,null,3,100,"Участник","Тарасова С.С.","МБОУ \"Школа №169\""]
[426,"МБОУ \"Гимназия №10\" Авиастроительного района г. Казани","Валиева","А.","И.","ж",9,9,2,null,2,100,"Участник","Галиев Инзиль Илфакович","МБОУ \"Гимназия №10\" Авиастроительного района г.Казани"]
[427,"МБОУ \" Школа №111\"","Галимов","Р.","Р.","м",9,9,2,null,2,100,"Участник","Шагдалеева Альфия Фиалетовна","МБОУ \"Школа №111\""]
[428,"Муниципальное бюджетное общеобразовательное учреждение «Русско-татарская средняя общеобразовательная школа №97» Приволжского района г. Казани. ","Посадский","А.","А.","м",9,9,2,null,2,100,"Участник","Тюгаев Ильяс Асиятович","Школа №97"]
[429,"Муниципальное бюджетное общеобразовательное учреждение \"Средняя общеобразовательная русско-татарская школа №124\"","Перов","Н.","А.","м",9,9,0,null,0,100,"Участник","Гимадеева Лилия Хайдяровна"]
[430,"гимназия 7","Шакиров","А.","И.","м",10,10,62,null,62,100,"Победитель","Коломина Фирдания Шарифовна","МБОУ «Гимназия №7 им. Героя России Козина А.В."]
[431,"Федеральное государственное казенное образовательное учреждение \"Казанское суворовское училище министерства обороны Российской Федерации'","Аркадьев","А.","А.","м",10,10,56,null,56,100,"Призер","Саулова Анастасия Владимировна","ФГКОУ\"Казанское суворовское военное училище\""]
[432,"МАОУ \"Лицей-интернат №2\"","Мурзакаев","И.","Э.","м",10,10,55,null,55,100,"Призер","Лазарев Юрий Юрьевич","МАОУ \"Лицей-интернат№2\""]
[433,"Федеральное государственное казенное образовательное учреждение \"Казанское суворовское училище министерства обороны Российской Федерации'","Бурмистров","Е.","А.","м",10,10,51,null,51,100,"Призер","Саулова Анастасия Владимировна","ФГКОУ\"Казанское суворовское военное училище\""]
[434,"МАОУ \"Лицей-интернат №2\"","Зайков","Я.","А.","м",10,10,51,null,51,100,"Призер","Лазарев Юрий Юрьевич","МАОУ \"Лицей-интернат№2\""]
[435,"Муниципальное бюджетное общеобразовательное учреждение «Лицей №83 - Центр образования» Приволжского района г. Казани","Исмагилов","И.","Ш.","м",10,10,46,4,50,100,"Призер","Волкова Эльвира Николаевна","МБОУ \"Лицей№83-ЦО\"Приволжского района г.Казани"]
[436,"Школа 9","Хасанова","А.","И.","ж",10,10,43,7,50,100,"Призер","Черкес С.В.","МБОУ \"Школа №9\""]
[437,"школа 113","Смышляева","М.","Д.","ж",10,10,50,null,50,100,"Призер","Иванова Ирина Алексеевна","МБОУ \"Школа № 113\""]
[438,"МБОУ \"Гимназия № 122 имени Ж. А. Зайцевой\"","Белицкая","С.","Д.","ж",10,10,44,null,44,100,"Участник","Садыков Жаудат Назипович","МБОУ Гимназия № 122"]
[439,"Муниципальное бюджетное общеобразовательное учреждение \"Гимназия №40\" Приволжского района г. Казани","Савинова","А.","М.","ж",10,10,44,null,44,100,"Участник","Савинова Елена Николаевна","МБОУ \"Гимназия №40\""]
[440,"Федеральное государственное казенное образовательное учреждение \"Казанское суворовское училище министерства обороны Российской Федерации'","Колосовский","А.","В.","м",10,10,42,null,42,100,"Участник","Саулова Анастасия Владимировна","ФГКОУ\"Казанское суворовское военное училище\""]
[441,"МБОУ \"Школа № 12\" Вахитовского района г. Казани","Курносов","Р.","Д.","м",10,10,41,null,41,100,"Участник","Клековкина Надежда Вадимовна","МБОУ \"Школа №12\" Вахитовского района г. Казани"]
[442,"МАОУ \"Гимназия №19\" Приволжского района","Шакирова","К.","О.","Ж",9,10,38.5,2,40.5,100,"Участник","Лобанов Евгений Михайлович","МАОУ \"Гимназия №19\" Приволжского района"]
[443,"МБОУ «Многопрофильная гимназия №189 \"Заман\"","Сафин","Д.","Р.","м",10,10,40.5,null,40.5,100,"Участник","Гимадеев Ильфат Халялетдинович","МБОУ Многопрофильная гимназия №189 \"Заман\""]
[444,"МБОУ \"Гимназия № 122 имени Ж. А. Зайцевой\"","Шамарданова","Я.","А.","ж",10,10,40,null,40,100,"Участник","Садыков Жаудат Назипович","МБОУ \"Гимназия №122 имени Ж.А. Зайцевой\""]
[445,"Муниципальное бюджетное общеобразовательное учреждение \"Гимназия&nbsp;№96\" Вахитовского района г.&nbsp;Казани.","Мокеев","М.","И.","м",10,10,34,4,38,100,"Участник","Муллахметова Юлия Геннадьевна","МБОУ \"Гимназия №96\""]
[446,"школа 113","Шашкина","Е.","М.","ж",10,10,37,null,37,100,"Участник","Иванова Ирина Алексеевна","МБОУ \"Школа № 113\""]
[447,"МБОУ «Многопрофильная гимназия №189 \"Заман\"","Идрисова","М.","Р.","ж",10,10,36,null,36,100,"Участник","Гимадеев Ильфат Халялетдинович","МБОУ Многопрофильная гимназия №189 \"Заман\""]
[448,"Муниципальное бюджетное общеобразовательное учреждение «Многопрофильный лицей №187» Советского района г.Казани","Козлова","А.","В.","ж",10,10,36,null,36,100,"Участник","Файзуллина А.М.","МБОУ \"Многопрофильный лицей №187"]
[449,"МБОУ \"Татарская гимназия №2 при КФУ\"","Курбангалиева","Д.","М.","ж",10,10,36,null,36,100,"Участник","Шакирова Рузиля Раисовна","МБОУ \"Татарская гимназия №2 при КФУ\""]
[450,"МБОУ \"Татарская гимназия №2 при КФУ\"","Менибаев","А.","А.","м",10,10,36,null,36,100,"Участник","Шакирова Рузиля Раисовна","МБОУ \"Татарская гимназия №2 при КФУ\""]
[451,"МБОУ «Гимназия №93 им. А.С.Пушкина» Советского района г.Казани","Рахимова","Р.","Р.","ж",10,10,36,null,36,100,"Участник","Гарифуллина Виктория Викторовна","МБОУ \"Гимназия №93 им. А.С.Пушкина\" Советского района г.Казани"]
[452,"Муниципальное бюджетное образовательное учреждение \"Гимназия № 90\" Советского района города Казани","Солдатов","Р.","А.","м",10,10,35.5,null,35.5,100,"Участник","Михайлова Тамара Борисовна","МБОУ \"Гимназия № 90\" Советского района г. Казани"]
[453,"Муниципальное автономное общеобразовательное учреждение «Гимназия №19» Приволжского района г. Казани","Марданшин","К.","Р.","м",10,10,34.5,null,34.5,100,"Участник","Никонорова Евгения Александровна","МАОУ \"Гимназия №19\" Приволжского района г.Казани"]
[454,"Муниципальное автономное общеобразовательное учреждение \"Лицей №131\" Вахитовского района г. Казани","Разин","Д.","А.","м",10,10,34,null,34,100,"Участник","Файзуллина Диляра Сагитовна","МАОУ \"Лицей №131\""]
[455,"Специализированный учебный научный центр – общеобразовательная школа-интернат «IT-лицей» федерального государственного автономного образовательного учреждения высшего образования «Казанский (Приволжский) федеральный университет»","Гиззатов","Р.","Р.","м",10,10,33.5,null,33.5,100,"Участник","Аглямзянов Рим Камилевич","СУНЦ IT-лицей КФУ"]
[456,"Муниципальное бюджетное общеобразовательное учреждение \"Лицей №5\" Вахитовского района г. Казани","Шамсутдинова","Я.","Ш.","ж",10,10,33,null,33,100,"Участник","Ахметзянов Ильфар Зуфарович","Муниципальное бюджетное образовательное учреждение \"Лицей №5\" г.Казани"]
[457,"Муниципальное автономное общеобразовательное учреждение «Гимназия №19» Приволжского района г. Казани","Шириязданов","К.","М.","м",10,10,33,null,33,100,"Участник","Лобанов Евгений Михайлович","МАОУ \"Гимназия №19\" Приволжского района г.Казани"]
[458,"МБОУ «Школа № 167» Советского района г. Казани","Камалеев","Б.","Р.","м",10,10,30,2,32,100,"Участник","Макарова Светлана Анатольевна","Муниципальное бюджетное общеобразовательное учреждение «Средняя общеобразовательная школа № 167 с углубленным изучением отдельных предметов» Советского района г. Казани"]
[459,"МБОУ \"Гимназия №27\"","Денисов","Н.","А.","м",10,10,32,null,32,100,"Участник","Батреев Ильдус Фирдусович","МБОУ \"Гимназия №27\""]
[460,"Федеральное государственное казенное образовательное учреждение \"Казанское суворовское училище министерства обороны Российской Федерации'","Завгородний","В.","И.","м",10,10,32,null,32,100,"Участник","Казаков Андрей Владимирович","ФГКОУ\"Казанское суворовское военное училище\""]
[461,"МБОУ \"Татарская гимназия №2 при КФУ\"","Вафина","С.","Л.","ж",10,10,31,null,31,100,"Участник","Шакирова Рузиля Раисовна","МБОУ \"Татарская гимназия №2 при КФУ\""]
[462,"МАОУ \"Средняя общеобразовательная школа 18 с углубленным изучением английского языка\" Вахитовского района города Казани","Неманов","В.","Д.","м",10,10,31,null,31,100,"Участник","Бухарина И.В..","МАОУ \"Школа №18\""]
[463,"ФГКОУ \"Казанское суворовское военное училище\"","Шафигуллин","Т.","А.","М",9,10,31,null,31,100,"Участник","Казаков Андрей Владимирович","ФГКОУ \"Казанское суворовское военное училище\""]
[464,"Специализированный учебный научный центр – общеобразовательная школа-интернат «IT-лицей» федерального государственного автономного образовательного учреждения высшего образования «Казанский (Приволжский) федеральный университет»","Рогатин","И.","В.","м",10,10,30.5,null,30.5,100,"Участник","Аглямзянов Рим Камилевич","СУНЦ IT-лицей КФУ"]
[465,"ОШИ \"Лицей имени Н. И. Лобачевского\" КФУ","Северьянова","Р.","О.","Ж",9,10,30,null,30,100,"Участник","Яковлев Александр Евгеньевич","ОШИ \"Лицей имени Н.И. Лобачевского\" КФУ"]
[466,"Муниципальное бюджетное общеобразовательное учреждение \"Гимназия&nbsp;№96\" Вахитовского района г.&nbsp;Казани.","Колегов","Н.","С.","м",10,10,28.5,null,28.5,100,"Участник","Муллахметова Юлия Геннадьевна","МБОУ \"Гимназия №96\""]
[467,"Муниципальное бюджетное общеобразовательное учреждение «Гимназия №6» Приволжского района г. Казани","Пшеничная","М.","С.","ж",10,10,28.5,null,28.5,100,"Участник","Николаева Т.А.","Муниципальное бюджетное общеобразовательное учреждение «Гимназия №6» Приволжского района г. Казани"]
[468,"МБОУ \"Лицей №78 \"Фарватер\" Приволжского района г.Казани","Гарипова","З.","Д.","ж",10,10,28,null,28,100,"Участник","Клюева Арина Евгеньевна","МБОУ \"Лицей №78 \"Фарватер\" Приволжского района г.Казани"]
[469,"Муниципальное автономное общеобразовательное учреждение\"Средняя общеобразовательная школа 39 с углубленным изучением английского языка Вахитовского района г.Казани","Шакиров","Ш.","Р.","м",10,10,27.5,null,27.5,100,"Участник","Скокова Е.С.","МАОУ \"Школа №39\""]
[470,"МБОУ \"Школа №103\".","Гордеева","Я.","А.","ж",10,10,27,null,27,100,"Участник","Преснова Н.Г.","МБОУ \"Школа №103\""]
[471,"МБОУ \"Татарская гимназия №17 имени Г.Ибрагимова\"","Нуруллин","М.","Л.","м",10,10,27,null,27,100,"Участник","Галиева Рита Рашидовна","Муниципальное бюджетное общеобразовательное учреждение «Татарская гимназия №17 имени Г. Ибрагимова» Московского района г. Казани"]
[472,"Автономная некоммерческая организация общеобразовательная организация «Школа новых технологий»","Бракин","М.","М.","м",10,10,26.5,null,26.5,100,"Участник","Першагин А.","АНО ОО \"Школа новых технологий\""]
[473,"МБОУ \"Лицей №177\"","Атлас","А.","Б.","ж",10,10,26,null,26,100,"Участник","Шамсувалиева Рауза Равильевна","Муниципальное бюджетное учреждение \"Лицей №177\" города Казани"]
[474,"МБОУ \"Русско-татарская средняя общеобразовательная школа № 129\"","Балянина","У.","Д.","ж",10,10,26,null,26,100,"Участник","Олексенко Ольга Александровна","МБОУ «Школа №129» г. Казани РТ"]
[475,"Государственное бюджетное общеобразовательное учреждение \"Казанская кадетская школа-интернат им. Героя Советского Союза Б.К. Кузнецова\"","Долин","С.","Е.","м",10,10,26,null,26,100,"Участник","Афанасьев Владимир Юрьевич","ГБОУ \"Казанская кадетская школа-интернат им. Героя Советского Союза Б. К. Кузнецова\""]
[476,"МБОУ \"Гимназия №20 \"Гармония\"\"","Сухой","Е.","А.","м",10,10,26,null,26,100,"Участник","Салимова Зайтуна Муфараковна"]
[477,"МБОУ «Гимназия №155»","Гафеева","З.","Э.","ж",10,10,25,null,25,100,"Участник","Нигматуллина Нурия Фаруковна","МБОУ «Гимназия №155»"]
[478,"МБОУ «Школа № 167» Советского района г. Казани","Мухаметзянов","А.","А.","м",10,10,23.5,1,24.5,100,"Участник","Закиров Алмаз Василович","Муниципальное бюджетное общеобразовательное учреждение «Средняя общеобразовательная школа № 167 с углубленным изучением отдельных предметов» Советского района г. Казани"]
[479,"Муниципальное автономное общеобразовательное учреждение\"Средняя общеобразовательная школа 39 с углубленным изучением английского языка Вахитовского района г.Казани","Гайнутдинов","Р.","И.","м",10,10,24.5,null,24.5,100,"Участник","Скокова Е.С.","МАОУ \"Школа №39\""]
[480,"МБОУ \" Гимназия №33\"","Каримуллин","Т.","Р.","м",10,10,24.5,null,24.5,100,"Участник","Валиев Ильмар Ильдарович","МБОУ \"Гимназия №33\""]
[481,"МБОУ \"Лицей № 26 им.М.Джалиля\"","Хакимова","С.","Л.","ж",10,10,24.5,null,24.5,100,"Участник","ТаракановаИринаВасильевна","МБОУ\"Лицей№26им.М.Джалиля\""]
[482,"МБОУ \"Гимназия № 122 имени Ж. А. Зайцевой\"","Елисеев","А.","А.","м",10,10,24,null,24,100,"Участник","Садыков Жаудат Назипович","МБОУ \"Гимназия №122 имени Ж.А. Зайцевой\""]
[483,"МАОУ \"Средняя общеобразовательная школа 18 с углубленным изучением английского языка\" Вахитовского района города Казани","Колик","А.","Б.","ж",10,10,24,null,24,100,"Участник","Бухарина И.В..","МАОУ \"Школа №18\""]
[484,"МБОУ \"Гимназия № 179-центр образования\" Ново-Савиновского района","Горюнов","Е.","А.","М",9,10,23.5,null,23.5,100,"Участник","Пекменова Алла Владимировна","МБОУ \"Гимназия № 179-центр образования\" Ново-Савиновского района"]
[485,"Муниципальное автономное общеобразовательное учреждение \"Многопрофильный лицей №11\" Советского района г.Казань","Винникова","С.","С.","ж",10,10,23,null,23,100,"Участник","Ягфаров Айдар Фирзависович","МАОУ «Многопрофильный лицей №11»"]
[486,"МБОУ \"Татарская гимназия №2 при КФУ\"","Зиятдинова","А.","Р.","ж",10,10,23,null,23,100,"Участник","Шакирова Рузиля Раисовна","МБОУ \"Татарская гимназия №2 при КФУ\""]
[487,"Муниципальное бюджетное общеобразовательное учреждение \"Гимназия №8 - Центр образования\" Советского района г.Казани","Мухаметгалиева","Д.","Р.","ж",10,10,22,null,22,100,"Участник","Соколова Татьяна Александровна","Гимназия №8-Центр Образования"]
[488,"Муниципальное бюджетное общеобразовательное учреждение \"Гимназия №175\" Советского района г.Казани","Кондратьева","Д.","Д.","ж",10,10,21.5,null,21.5,100,"Участник","Хафизова Эльвира Закирзяновна","МБОУ \"Гимназия №175\" Советского района г.Казани"]
[489,"МБОУ \"Средняя общеобразовательная школа №153\"","Кузнецов","И.","В.","м",10,10,21,null,21,100,"Участник","Никитина Татьяна Васильевна","МБОУ СОШ 153"]
[490,"Муниципальное бюджетное общеобразовательное учреждение \"Гимназия №8 - Центр образования\" Советского района г.Казани","Нестерова","Д.","Р.","ж",10,10,20.5,null,20.5,100,"Участник","Соколова Татьяна Александровна","Гимназия №8-Центр Образования"]
[491,"МБОУ \"Татарская гимназия №2 при КФУ\"","Ахметов","А.","И.","м",10,10,20,null,20,100,"Участник","Шакирова Рузиля Раисовна","МБОУ \"Татарская гимназия №2 при КФУ\""]
[492,"школа 113","Васильева","Р.","А.","ж",10,10,20,null,20,100,"Участник","Иванова Ирина Алексеевна","МБОУ \"Школа № 113\""]
[493,"Муниципальное бюджетное общеобразовательное учреждение «Гимназия №21» Приволжского района г. Казани.","Ганиуллина","Н.","И.","ж",10,10,20,null,20,100,"Участник","Филюнин В.А.","МБОУ \"Гимназия №21\""]
[494,"МАОУ \"Средняя общеобразовательная школа 18 с углубленным изучением английского языка\" Вахитовского района города Казани","Ибрагимова","А.","М.","ж",10,10,20,null,20,100,"Участник","Бухарина И.В..","МАОУ \"Школа №18\""]
[495,"МБОУ \"Лицей №145\"","Самойлов","М.","С.","м",10,10,20,null,20,100,"Участник","Фомина Евгения Александровна","Муниципальное бюджетное общеобразовательное учреждение \"Лицей №145\" Авиастроительного района г. Казани"]
[496,"МБОУ \"Лицей №177\"","Уразбахтина","Д.","И.","ж",10,10,20,null,20,100,"Участник","Шамсувалиева Рауза Равильевна","Муниципальное бюджетное учреждение \"Лицей №177\" города Казани"]
[497,"МАОУ \"Лицей-интернат №2\"","Хабибрахманов","А.","Д.","м",10,10,20,null,20,100,"Участник","Мухин Владимир Игоревич","МАОУ \"Лицей-интернат№2\""]
[498,"Частное общеобразовательное учреждение средняя общеобразовательная школа \"Елена-Сервис\"","Волостнова","Н.","Д.","ж",10,10,19,null,19,100,"Участник","Якимова И.В.","ЧОУ СОШ \"Елена-Сервис\""]
[499,"Муниципальное бюджетное общеобразовательное учреждение «Гимназия №6» Приволжского района г. Казани","Кашина","К.","С.","ж",10,10,19,null,19,100,"Участник","Николаева Т.А.","Муниципальное бюджетное общеобразовательное учреждение «Гимназия №6» Приволжского района г. Казани"]
[500,"МБОУ «Гимназия №155»","Ибрагимова","М.","Р.","ж",10,10,18,null,18,100,"Участник","Нигматуллина Нурия Фаруковна","МБОУ «Гимназия №155»"]
[501,"МБОУ \"Гимназия №20 \"Гармония\"\"","Миннахметов","Т.","А.","м",10,10,18,null,18,100,"Участник","Конышева Елена Валентиновна"]
[502,"МБОУ \"Гимназия № 122 имени Ж. А. Зайцевой\"","Залялиева","С.","И.","ж",10,10,17.5,null,17.5,100,"Участник","Чайковская Светлана Валентиновна","МБОУ \"Гимназия №122 имени Ж.А.Зайцевой\""]
[503,"Муниципальное бюджетное общеобразовательное учреждение «Гимназия №6» Приволжского района г. Казани","Артюшкин","В.","А.","м",10,10,17,null,17,100,"Участник","Николаева Т.А.","Муниципальное бюджетное общеобразовательное учреждение «Гимназия №6» Приволжского района г. Казани"]
[504,"МБОУ \"Школа №62\"","Вавилова","Е.","А.","ж",10,10,17,null,17,100,"Участник","Иванкова О.А.","МБОУ \"Школа № 62\" Авиастроительного района г.Казани"]
[505,"МБОУ «Гимназия №155»","Валеев","М.","Р.","м",10,10,17,null,17,100,"Участник","Нигматуллина Нурия Фаруковна","МБОУ «Гимназия №155»"]
[506,"МБОУ «Школа №120\" Московского района г.Казани","Гатиятов","Б.","Б.","м",10,10,17,null,17,100,"Участник","Михеев Максим Вячеславович","МБОУ \"Школа №120\" Московского района г.Казани"]
[507,"МБОУ \"Многопрофильная гимназия №189 “Заман”\" Кировского района","Позднякова","А.","Д.","Ж",9,10,17,null,17,100,"Участник","Гимадеев Ильфат Халялетдинович","МБОУ \"Многопрофильная гимназия №189 “Заман”\" Кировского района"]
[508,"МБОУ \"Лицей 170\"","Саляхов","А.","А.","м",10,10,17,null,17,100,"Участник","Власова Татьяна Валерьевна","МБОУ «Многопрофйильный лицей №170»"]
[509,"МАОУ \"Средняя общеобразовательная школа 18 с углубленным изучением английского языка\" Вахитовского района города Казани","Ахунов","Ю.","А.","м",10,10,16.5,null,16.5,100,"Участник","Бухарина И.В..","МАОУ \"Школа №18\""]
[510,"Муниципальное автономное общеобразовательное учреждение\"Средняя общеобразовательная школа 39 с углубленным изучением английского языка Вахитовского района г.Казани","Миннигалеев","М.","И.","м",10,10,16.5,null,16.5,100,"Участник","Скокова Е.С.","МАОУ \"Школа №39\""]
[511,"общеобразовательная школа-интернат «Лицей имени Н.И. Лобачевского» федерального государственного автономного образовательного учреждения высшего образования «Казанский (Приволжский) федеральный университет»","Юдин","С.","Л.","м",10,10,16.5,null,16.5,100,"Участник","Билалова Д.С.","ОШИ \"Лицей имени Н.И. Лобачевского\" КФУ"]
[512,"Муниципальное автономное общеобразовательное учреждение «Гимназия №19» Приволжского района г. Казани","Исаков","А.","Т.","м",10,10,16,null,16,100,"Участник","Никонорова Евгения Александровна","МАОУ \"Гимназия №19\" Приволжского района г.Казани"]
[513,"Муниципальное автономное общеобразовательное учреждение\"Средняя общеобразовательная школа 39 с углубленным изучением английского языка Вахитовского района г.Казани","Любина","П.","С.","ж",10,10,16,null,16,100,"Участник","Скокова Е.С.","МАОУ \"Школа №39\""]
[514,"МБОУ \"Гимназия №94 имени Л.Н. Мурысина\"","Садофьев","А.","В.","м",10,10,15.5,null,15.5,100,"Участник","Хлопочкина К.В.","МБОУ Гимназия94 им.Л.Н.Мурысина"]
[515,"Муниципальное бюджетное общеобразовательное учреждение \"Гимназия №20 имени Абдуллы Алиша\" Советского района г.Казани","Галиахметова","А.","И.","ж",10,10,15,null,15,100,"Участник","Закирова Азалина Азатовна","МБОУ \"Гимназия №20 имени Абдуллы Алиша\" Советского района г.Казани"]
[516,"Муниципальное бюджетное общеобразовательное учреждение «Средняя общеобразовательная русско-татарская школа №13» Вахитовского района г. Казани","Мачина","М.","Д.","ж",10,10,15,null,15,100,"Участник","Каллаур А.О","МБОУ \"Школа13\""]
[517,"общеобразовательная школа-интернат «Лицей имени Н.И. Лобачевского» федерального государственного автономного образовательного учреждения высшего образования «Казанский (Приволжский) федеральный университет»","Степанов","И.","Я.","м",10,10,15,null,15,100,"Участник","Билалова Д.С.","ОШИ \"Лицей имени Н.И. Лобачевского\" КФУ"]
[518,"Муниципальное бюджетное общеобразовательное учреждение «Средняя общеобразовательная русско-татарская школа №13» Вахитовского района г. Казани","Сурков","Н.","Д.","м",10,10,15,null,15,100,"Участник","Каллаур А.О","МБОУ \"Школа13\""]
[519,"Муниципальное автономное общеобразовательное учреждение \"Гимназия №141\" Советского района г.Казани","Мансурова","С.","Р.","ж",10,10,14,null,14,100,"Участник","Идиятова Алена Валерьевна","МАОУ \"Гимназия №141\""]
[520,"МБОУ \" Гимназия №33\"","Мударисова","С.","Р.","ж",10,10,14,null,14,100,"Участник","Валиев Ильмар Ильдарович","МБОУ \"Гимназия №33\""]
[521,"МБОУ «Лицей №23»","Хисматуллин","К.","Д.","м",10,10,14,null,14,100,"Участник","МустафинаА.Ф.","МБОУ\"Лицей№23\"г.Казани"]
[522,"Мунципальное бюджетное общеобразовательное учреждение \"Гимназия №126\" Советского района г.Казани","Абдулгафуров","С.","Р.","м",10,10,13.5,null,13.5,100,"Участник","Абдуллина Алина Гаяновна","МБОУ \"Гимназия №126\""]
[523,"Муниципальное бюджетное общеобразовательное учреждение \"Многопрофильная школа № 181\" Советского района г.Казани","Быковских","Э.","А.","ж",10,10,13.5,null,13.5,100,"Участник","Каримова Р.В.","МБОУ Многопрофильная школа 181"]
[524,"Мунципальное бюджетное общеобразовательное учреждение \"Гимназия №126\" Советского района г.Казани","Захаров","Е.","Н.","м",10,10,13.5,null,13.5,100,"Участник","Абдуллина Алина Гаяновна","МБОУ \"Гимназия №126\""]
[525,"МБОУ \"Школа №62\"","Назаров","Я.","Р.","м",10,10,12.5,null,12.5,100,"Участник","Иванкова О.А.","МБОУ \"Школа № 62\" Авиастроительного района г.Казани"]
[526,"общеобразовательная школа-интернат «Лицей имени Н.И. Лобачевского» федерального государственного автономного образовательного учреждения высшего образования «Казанский (Приволжский) федеральный университет»","Груничев","Д.","А.","м",10,10,12,null,12,100,"Участник","Билалова Д.С.","ОШИ \"Лицей имени Н.И. Лобачевского\" КФУ"]
[527,"Муниципальное бюджетное общеобразовательное учреждение \"Татарская гимназия №1 им.Г.Тукая\" Вахитовского района г.Казани","Мингалеева","Э.","Э.","ж",10,10,12,null,12,100,"Участник","Ахметшина Алсу Тальгатовна","МБОУ \"Татарская гимназия №1 им. Г. Тукая\" Вахитовского района г. Казани"]
[528,"Муниципальное бюджетное общеобразовательное учреждение «Средняя общеобразовательная школа №169» Советского района г.Казани ","Чернов","Н.","С.","м",10,10,12,null,12,100,"Участник","Тарасова С.С.","МБОУ \"Школа №169\""]
[529,"Муниципальное бюджетное общеобразовательное учреждение «Гимназия №21» Приволжского района г. Казани.","Вильданова","А.","А.","ж",10,10,11.5,null,11.5,100,"Участник","Филюнин В.А.","МБОУ \"Гимназия №21\""]
[530,"МБОУ \"Средняя общеобразовательная школа №70 с углубленным изучением отдельных предметов\"","Шаймарданов","А.","И.","м",10,10,11.5,null,11.5,100,"Участник","Шишков Алексей Иванович","МБОУ \"Школа № 70\""]
[531,"Муниципальное бюджетное общеобразовательное учреждение «Многопрофильный лицей №185» Советского района г.Казани","Габдрахманова","Р.","А.","ж",10,10,11,null,11,100,"Участник","Минабутдинова Аделина Гусмановна","МБОУ \"Многопрофильный лицей №185\""]
[532,"общеобразовательная школа-интернат «Лицей имени Н.И. Лобачевского» федерального государственного автономного образовательного учреждения высшего образования «Казанский (Приволжский) федеральный университет»","Джамалетдинов","Ш.","Т.","м",10,10,11,null,11,100,"Участник","Билалова Д.С.","ОШИ \"Лицей имени Н.И. Лобачевского\" КФУ"]
[533,"МБОУ \"Средняя общеобразовательная школа №8\"","Саватникова","П.","С.","ж",10,10,11,null,11,100,"Участник","Габдрахманова Регина Рифатовна"]
[534,"Муниципальное бюджетное общеобразовательное учреждение «Средняя общеобразовательная школа №169» Советского района г.Казани ","Сайфуллина","С.","Р.","ж",10,10,11,null,11,100,"Участник","Галиуллина Ч.И.","МБОУ \"Школа №169\""]
[535,"МБОУ «Школа № 167» Советского района г. Казани","Шарибзянов","Р.","А.","м",10,10,11,null,11,100,"Участник","Закиров Алмаз Василович","Муниципальное бюджетное общеобразовательное учреждение «Средняя общеобразовательная школа № 167 с углубленным изучением отдельных предметов» Советского района г. Казани"]
[536,"общеобразовательная школа-интернат «Лицей имени Н.И. Лобачевского» федерального государственного автономного образовательного учреждения высшего образования «Казанский (Приволжский) федеральный университет»","Мухаметшин","Д.","Р.","м",10,10,10.5,null,10.5,100,"Участник","Билалова Д.С.","ОШИ \"Лицей имени Н.И. Лобачевского\" КФУ"]
[537,"МБОУ \"Средняя общеобразовательная татарско-русская школа №65 с углубленным изучением отдельных предметов\" ","Сафиуллина","С.","Н.","ж",10,10,10.5,null,10.5,100,"Участник","Нуриева А.И."]
[538,"МБОУ \"Школа №143\"","Вайсбеккер","Т.","С.","м",10,10,10,null,10,100,"Участник","Саяпин Владислав Александрович","МБОУ \"Школа№143\""]
[539,"МБОУ \"Школа № 135 г.Казани\"","Кашапов","Т.","Р.","м",10,10,10,null,10,100,"Участник","Славутина Б.Б.","МБОУ «Школа № 135 г.Казани»"]
[540,"МБОУ \"Лицей №145\"","Киямов","Р.","А.","м",10,10,10,null,10,100,"Участник","Садиков Ирек Ильдарович","Муниципальное бюджетное общеобразовательное учреждение \"Лицей №145\" Авиастроительного района г. Казани"]
[541,"Муниципальное бюджетное общеобразовательное учреждение \"Гимназия №20 имени Абдуллы Алиша\" Советского района г.Казани","Мавляутдинова","А.","И.","ж",10,10,10,null,10,100,"Участник","Закирова Азалина Азатовна","МБОУ \"Гимназия №20 имени Абдуллы Алиша\" Советского района г.Казани"]
[542,"Муниципальное бюджетное общеобразовательное учреждение \"Гимназия №8 - Центр образования\" Советского района г.Казани","Петрованова","У.","И.","ж",10,10,10,null,10,100,"Участник","Соколова Татьяна Александровна","Гимназия №8-Центр Образования"]
[543,"Муниципальное бюджетное общеобразовательное учреждение \"Гимназия №20 имени Абдуллы Алиша\" Советского района г.Казани","Раджабова","Ц.","Ш.","ж",10,10,10,null,10,100,"Участник","Закирова Азалина Азатовна","МБОУ \"Гимназия №20 имени Абдуллы Алиша\" Советского района г.Казани"]
[544,"МБОУ \"Гимназия № 122 имени Ж. А. Зайцевой\"","Шипшова","М.","К.","ж",10,10,10,null,10,100,"Участник","Садыков Жаудат Назипович","МБОУ \"Гимназия №122 имени Ж.А. Зайцевой\""]
[545,"Муниципальное бюджетное общеобразовательное учреждение «Средняя общеобразовательная школа №169» Советского района г.Казани ","Ахметов","А.","И.","м",10,10,9,null,9,100,"Участник","Тарасова С.С.","МБОУ \"Школа №169\""]
[546,"МБОУ \"Гимназия №27\"","Ибниева","Д.","Л.","ж",10,10,9,null,9,100,"Участник","Батреев Ильдус Фирдусович","МБОУ \"Гимназия №27\""]
[547,"МБОУ \"Лицей №145\"","Кирсанов","В.","Д.","м",10,10,9,null,9,100,"Участник","Садиков Ирек Ильдарович","Муниципальное бюджетное общеобразовательное учреждение \"Лицей №145\" Авиастроительного района г. Казани"]
[548,"Муниципальное бюджетное образовательное учреждение \"Гимназия № 90\" Советского района города Казани","Литвиненко","Н.","И.","ж",10,10,9,null,9,100,"Участник","Михайлова Тамара Борисовна","МБОУ \"Гимназия № 90\" Советского района г. Казани"]
[549,"Специализированный учебный научный центр – общеобразовательная школа-интернат «IT-лицей» федерального государственного автономного образовательного учреждения высшего образования «Казанский (Приволжский) федеральный университет»","Баландина","С.","И.","ж",10,10,8.5,null,8.5,100,"Участник","Аглямзянов Рим Камилевич","СУНЦ IT-лицей КФУ"]
[550,"Муниципальное бюджетное общеобразовательное учреждение «Гимназия №6» Приволжского района г. Казани","Хасипова","С.","М.","ж",10,10,8.5,null,8.5,100,"Участник","Николаева Т.А.","Муниципальное бюджетное общеобразовательное учреждение «Гимназия №6» Приволжского района г. Казани"]
[551,"Муниципальное бюджетное общеобразовательное учреждение \"Средняя общеобразовательная школа №171 с углубленным изучением отдельных предметов\" Советского района г.Казани","Ямалов","Ф.","Ф.","м",10,10,8.5,null,8.5,100,"Участник","Никифоров Сергей Анатольевич","МБОУ СОШ №171"]
[552,"МБОУ \"Политехнический лицей №182\" ","Хуснутдинова","Д.","Д.","ж",10,10,8,null,8,100,"Участник","Кручинина Злата Романовна","МБОУ \"Лицей №182\""]
[553,"Муниципальное бюджетное общеобразовательное учреждение \"Гимназия №20 имени Абдуллы Алиша\" Советского района г.Казани","Валиева","А.","И.","ж",10,10,7,null,7,100,"Участник","Закирова Азалина Азатовна","МБОУ \"Гимназия №20 имени Абдуллы Алиша\" Советского района г.Казани"]
[554,"Муниципальное автономное общеобразовательное учреждение\"Средняя общеобразовательная школа 39 с углубленным изучением английского языка Вахитовского района г.Казани","Гузева","Л.","Т.","ж",10,10,7,null,7,100,"Участник","Скокова Е.С.","МАОУ \"Школа №39\""]
[555,"Муниципальное бюджетное общеобразовательное учреждение \"Средняя общеобразовательная русско-татарская школа №124\"","Хузина","А.","И.","ж",10,10,7,null,7,100,"Участник","Гимадеева Лилия Хайдяровна"]
[556,"Муниципальное бюджетное общеобразовательное учреждение \"Гимназия №3\" Вахитовского района г. Казани","Бадиги","И.","Р.","м",10,10,6.5,null,6.5,100,"Участник","Астафьева Екатерина Александровна","МБОУ \"Гимназия №3\" Вахитовского района г. Казани"]
[557,"МБОУ \"Средняя общеобразовательная школа №70 с углубленным изучением отдельных предметов\"","Каисиди","М.","В.","м",10,10,6.5,null,6.5,100,"Участник","Шишков Алексей Иванович","МБОУ \"Школа № 70\""]
[558,"Муниципальное бюджетное общеобразовательное учреждение \"Гимназия №20 имени Абдуллы Алиша\" Советского района г.Казани","Бариев","А.","И.","м",10,10,6,null,6,100,"Участник","Закирова Азалина Азатовна","МБОУ \"Гимназия №20 имени Абдуллы Алиша\" Советского района г.Казани"]
[559,"Муниципальное бюджетное общеобразовательное учреждение \"Гимназия №20 имени Абдуллы Алиша\" Советского района г.Казани","Дарьина","И.","В.","ж",10,10,6,null,6,100,"Участник","Закирова Азалина Азатовна","МБОУ \"Гимназия №20 имени Абдуллы Алиша\" Советского района г.Казани"]
[560,"Муниципальное бюджетное общеобразовательное учреждение «Средняя общеобразовательная школа №169» Советского района г.Казани ","Хакимов","Р.","Л.","м",10,10,6,null,6,100,"Участник","Тарасова С.С.","МБОУ \"Школа №169\""]
[561,"адымнар","Абунагимов","Э.","Б.","м",10,10,5,null,5,100,"Участник","Шамсутдинов Динар Загитович","ГАОУ \"Адымнар\" г. Казани"]
[562,"МБОУ \"Русско-татарская средняя общеобразовательная школа №81 с углубленным изучением отдельных предметов имени В.А. Григорьева\"","Гарафутдинова","С.","М.","ж",10,10,5,null,5,100,"Участник","Лазарева О.С","МБОУ «Русско-татарская средняя общеобразовательная школа №81 с углубленным изучением отдельных предметов имени В.А. Григорьева» Кировского района г. Казани"]
[563,"Муниципальное бюджетное общеобразовательное учреждение \"Средняя общеобразовательная школа №171 с углубленным изучением отдельных предметов\" Советского района г.Казани","Фаттахов","К.","Р.","м",10,10,5,null,5,100,"Участник","Никифоров Сергей Анатольевич","МБОУ СОШ №171"]
[564,"Муниципальное бюджетное общеобразовательное учреждение \"Гимназия №20 имени Абдуллы Алиша\" Советского района г.Казани","Хлопова","А.","М.","ж",10,10,5,null,5,100,"Участник","Закирова Азалина Азатовна","МБОУ \"Гимназия №20 имени Абдуллы Алиша\" Советского района г.Казани"]
[565,"МБОУ «Татарско-русская средняя общеобразовательная школа №68 с углублённым изучением отдельных предметов» Приволжского района г. Казани","Чуприянова","С.","К.","ж",10,10,4,null,4,100,"Участник","Шарафиева Идьсия Амировна","МБОУ \"Школа 68\""]
[566,"МБОУ  \"Татарская гимназия №15\" Кировского района","Хайруллин","И.","А.","М",9,10,3,null,3,100,"Участник","Хайруллина Зайтуня Зуфаровна","МБОУ  \"Татарская гимназия №15\" Кировского района"]
[567,"Муниципальное автономное общеобразовательное учреждение \"Лицей №131\" Вахитовского района г. Казани","Фарукшин","А.","И.","м",11,11,77,null,77,100,"Победитель","Улыбин Григорий Иванович","МАОУ \"Лицей №131\""]
[568,"Муниципальное автономное общеобразовательное учреждение \"Лицей №131\" Вахитовского района г. Казани","Кузнецов","М.","Д.","м",11,11,69,null,69,100,"Призер","Улыбин Григорий Иванович","МАОУ \"Лицей №131\""]
[569,"Автономная некоммерческая организация «Международная школа Казани»","Карезина","Д.","А.","ж",11,11,55,null,55,100,"Призер","Лазарев Юрий Юрьевич","АНОО \"Международная школа Казани\""]
[570,"Муниципальное бюджетное общеобразовательное учреждение \"Средняя общеобразовательная школа №84 с углубленным изучением иностранных языков\" Советского района г.Казани","Кулаков","С.","С.","м",11,11,53,1,54,100,"Призер","Батманова Г. И.","Муниципальное бюджетное общеобразовательное учреждение \"Школа №84\" г.Казани Республики Татарстан"]
[571,"Муниципальное бюджетное общеобразовательное учреждение \"Средняя общеобразовательная школа №84 с углубленным изучением иностранных языков\" Советского района г.Казани","Буштак","Д.","П.","ж",11,11,51,1,52,100,"Призер","Батманова Г. И.","Муниципальное бюджетное общеобразовательное учреждение \"Школа №84\" г.Казани Республики Татарстан"]
[572,"Специализированный учебный научный центр – общеобразовательная школа-интернат «IT-лицей» федерального государственного автономного образовательного учреждения высшего образования «Казанский (Приволжский) федеральный университет»","Молченко","А.","С.","м",11,11,52,null,52,100,"Призер","Аглямзянов Рим Камилевич","СУНЦ IT-лицей КФУ"]
[573,"МАОУ \"Лицей-интернат №2\"","Шакиров","Э.","Р.","м",11,11,52,null,52,100,"Призер","Лазарев Юрий Юрьевич","МАОУ \"Лицей-интернат№2\""]
[574,"гимназия 7","Цветков","К.","В.","м",11,11,46,null,46,100,"Участник","Ипполитова Л.В.","МБОУ «Гимназия №7 им. Героя России Козина А.В."]
[575,"МАОУ \"Средняя общеобразовательная школа 18 с углубленным изучением английского языка\" Вахитовского района города Казани","Степанов","И.","В.","м",11,11,44.5,null,44.5,100,"Участник","Бухарина И.В..","МАОУ \"Школа №18\""]
[576,"Муниципальное автономное общеобразовательное учреждение \"Гимназия №141\" Советского района г.Казани","Трофимова","О.","Д.","ж",11,11,44.5,null,44.5,100,"Участник","Гармашова Юлия Николаевна","МАОУ \"Гимназия №141\""]
[577,"Муниципальное автономное общеобразовательное учреждение «Гимназия №19» Приволжского района г. Казани","Филиппов","А.","А.","м",11,11,44,null,44,100,"Участник","Никонорова Евгения Александровна","МАОУ \"Гимназия №19\" Приволжского района г.Казани"]
[578,"МАОУ \"Гимназия №19\" Приволжского района","Калганов","М.","А.","М",10,11,43,null,43,100,"Участник","Бикмуллин Инсаф Кабирович","МАОУ \"Гимназия №19\" Приволжского района"]
[579,"МБОУ \"Гимназия № 122 имени Ж. А. Зайцевой\"","Мирзиева","С.","И.","ж",11,11,43,null,43,100,"Участник","Чайковская Светлана Валентиновна","МБОУ \"Гимназия №122 имени Ж.А.Зайцевой\""]
[580,"Муниципальное бюджетное общеобразовательное учреждение «Многопрофильный лицей №185» Советского района г.Казани","Мустафаева","К.","К.","ж",11,11,43,null,43,100,"Участник","Минабутдинова Аделина Гусмановна","МбОУ \"Многопрофильный лицей №185\""]
[581,"Федеральное государственное казенное образовательное учреждение \"Казанское суворовское училище министерства обороны Российской Федерации'","Хабиров","Т.","Р.","м",11,11,43,null,43,100,"Участник","Романова Оксана Александровна","ФГКОУ\"Казанское суворовское военное училище\""]
[582,"Муниципальное бюджетное общеобразовательное учреждение «Лицей №83 - Центр образования» Приволжского района г. Казани","Яруллин","А.","Р.","м",11,11,42,null,42,100,"Участник","Бегунова Мария Александровна","МБОУ \"Лицей №83-ЦО\" Приволжского района г.Казани"]
[583,"Муниципальное автономное общеобразовательное учреждение \"Гимназия №139-Центр образования\"","Шамгунова","Э.","Р.","ж",11,11,41,null,41,100,"Участник","Блохина Лилия Надировна","МАОУ \"Гимназия № 139-ЦО\""]
[584,"Муниципальное бюджетное общеобразовательное учреждение \"Гимназия&nbsp;№96\" Вахитовского района г.&nbsp;Казани.","Дрантусов","А.","Д.","м",11,11,40,null,40,100,"Участник","Гиниатуллина Венера Ильдаровна","МБОУ \"Гимназия №96\""]
[585,"Школа 9","Пластинин","С.","О.","м",11,11,40,null,40,100,"Участник","Былинкина И.А.","МБОУ \"Школа №9\""]
[586,"гимназия 7","Нестеренко","Д.","И.","ж",11,11,38,null,38,100,"Участник","Ипполитова Л.В.","МБОУ «Гимназия №7 им. Героя России Козина А.В."]
[587,"Школа 9","Мухитов","Н.","И.","м",11,11,37,null,37,100,"Участник","Былинкина И.А.","МБОУ \"Школа №9\""]
[588,"Муниципальное бюджетное общеобразовательное учреждение «Гимназия №21» Приволжского района г. Казани.","Хайдаров","Р.","Р.","м",11,11,37,null,37,100,"Участник","Франк Наталья Николаевна","МБОУ \"Гимназия №21\""]
[589,"МБОУ \" Гимназия №33\"","Сафина","Т.","Р.","ж",11,11,36,null,36,100,"Участник","Нуруллина Эльмира Рафиковна","МБОУ \"Гимназия №33\""]
[590,"Муниципальное бюджетное общеобразовательное учреждение «Гимназия 18 с татарским языком обучения - «Галэм» Приволжского района г.Казани","Сруров","С.","Б.","м",11,11,36,null,36,100,"Участник","Усманова Эльимира Расыховна","МБОУ \"Гимназия №18 - \"Галэм\" Приволжского района г. Казани"]
[591,"МБОУ \"Гимназия №27\"","Якимов","И.","Н.","м",11,11,36,null,36,100,"Участник","Фахрутдинова Файруза Раефовна","МБОУ \"Гимназия №27\""]
[592,"Федеральное государственное казенное образовательное учреждение \"Казанское суворовское училище министерства обороны Российской Федерации'","Агарков","Г.","Н.","м",11,11,35.5,null,35.5,100,"Участник","Романова Оксана Александровна","ФГКОУ\"Казанское суворовское военное училище\""]
[593,"Муниципальное бюджетное общеобразовательное учреждение \"Гимназия №175\" Советского района г.Казани","Глазунов","И.","П.","м",11,11,35.5,null,35.5,100,"Участник","Хафизова Эльвира Закирзяновна","МБОУ \"Гимназия №175\" Советского района г.Казани"]
[594,"МБОУ \"Гимназия №27\"","Каюмов","К.","Р.","м",11,11,34.5,null,34.5,100,"Участник","Фахрутдинова Файруза Раефовна","МБОУ \"Гимназия №27\""]
[595,"МБОУ  \"ШКОЛА №32\"","Стась","Н.","А.","м",11,11,34,null,34,100,"Участник","Салахов Динар Дамирович","МБОУ \"Школа №32\""]
[596,"Муниципальное автономное общеобразовательное учреждение «Лицей №121 имени Героя Советского Союза С.А.Ахтямова» Советского района г.Казани","Шаехов","А.","А.","м",11,11,31.5,null,31.5,100,"Участник","Восканова Елена Михайловна","МАОУ \"Лицей № 121\" Советского района г. Казани"]
[597,"МБОУ \" Гимназия №33\"","Золотова","А.","А.","ж",11,11,31,null,31,100,"Участник","Нуруллина Эльмира Рафиковна","МБОУ \"Гимназия №33\""]
[598,"«Средняя общеобразовательная школа № 86 с углубленным изучением отдельных предметов Советского района г.Казани","Спирягин","И.","А.","м",11,11,31,null,31,100,"Участник","Гарева Н.Г.","Муниципальное бюджетное общеобразовательное учреждение \"Cредняя общеобразовательная школа №86 с углубленным изучением отдельных предметов\"Советского района г.Казани"]
[599,"Муниципальное бюджетное общеобразовательное учреждение \"Средняя общеобразовательная&nbsp;школа&nbsp;№127\" Приволжского района города&nbsp;Казани.","Исмагилов","Р.","А.","м",11,11,30.5,null,30.5,100,"Участник","Исмагилов Р.Р.","МБОУ СОШ 127"]
[600,"МБОУ \"Татарская гимназия №2 при КФУ\"","Гиниятова","А.","С.","ж",11,11,30,null,30,100,"Участник","Исхакова Алия Эдуардовна","МБОУ \"Татарская гимназия №2 при КФУ\""]
[601,"МБОУ \"Гимназия №27\"","Галеева","Г.","А.","ж",11,11,29.5,null,29.5,100,"Участник","Фахрутдинова Файруза Раефовна","МБОУ \"Гимназия №27\""]
[602,"Муниципальное автономное общеобразовательное учреждение \"Гимназия №141\" Советского района г.Казани","Галиахметов","Р.","Р.","м",11,11,29.5,null,29.5,100,"Участник","Гармашова Юлия Николаевна","МАОУ \"Гимназия №141\""]
[603,"МБОУ «Гимназия №155»","Сагдеев","Р.","А.","м",11,11,29,null,29,100,"Участник","Шайдуллин Эмиль Ирекович","МБОУ «Гимназия №155»"]
[604,"МБОУ \" Гимназия №33\"","Беденьгова","С.","А.","ж",11,11,28,null,28,100,"Участник","Нуруллина Эльмира Рафиковна","МБОУ \"Гимназия №33\""]
[605,"МБОУ \"Гимназия №4 с татарским языком обучения\" ","Джафарова","Л.","И.","ж",11,11,28,null,28,100,"Участник","Гайнутдинова Ильмира Альбертовна","МБОУ \"Гимназия №4\" Кировского района г. Казани"]
[606,"МБОУ \"Гимназия 125\" гор. Казани","Прусаков","А.","Д.","м",11,11,28,null,28,100,"Участник","Патранина Татьяна Ивановна","МБОУ \"Гимназия №125\""]
[607,"Мунципальное бюджетное общеобразовательное учреждение \"Гимназия №126\" Советского района г.Казани","Силантьева","Э.","А.","ж",11,11,27.5,null,27.5,100,"Участник","Юрлова Анна Жоржовна","МБОУ \"Гимназия №126\""]
[608,"Специализированный учебный научный центр – общеобразовательная школа-интернат «IT-лицей» федерального государственного автономного образовательного учреждения высшего образования «Казанский (Приволжский) федеральный университет»","Мустафин","К.","Р.","м",11,11,27,null,27,100,"Участник","Аглямзянов Рим Камилевич","СУНЦ IT-лицей КФУ"]
[609,"МБОУ \"Татарская гимназия №2 при КФУ\"","Шакиев","А.","Е.","м",11,11,26,null,26,100,"Участник","Исхакова Алия Эдуардовна","МБОУ \"Татарская гимназия №2 при КФУ\""]
[610,"Муниципальное автономное общеобразовательное учреждение «Лицей - инженерный центр» Советского района г. Казани","Красных","А.","А.","м",11,11,25.5,null,25.5,100,"Участник","Арсланова Алина Александровна","МАОУ \"Лицей -инженерный центр\""]
[611,"МБОУ \"Средняя общеобразовательная школа №70 с углубленным изучением отдельных предметов\"","Левакин","И.","С.","м",11,11,25,null,25,100,"Участник","Андреева Дарья Романовна","МБОУ \"Школа № 70\""]
[612,"МБОУ \"Гимназия № 122 имени Ж. А. Зайцевой\"","Мельник","С.","А.","ж",11,11,25,null,25,100,"Участник","Чайковская Светлана Валентиновна","МБОУ \"Гимназия №122 имени Ж.А.Зайцевой\""]
[613,"Муниципальное бюджетное общеобразовательное учреждение «Гимназия №6» Приволжского района г. Казани","Ибрагимов","А.","Р.","м",11,11,24.5,null,24.5,100,"Участник","Гимадеева Ч.Н.","Муниципальное бюджетное общеобразовательное учреждение «Гимназия №6» Приволжского района г. Казани"]
[614,"МАОУ \"Средняя общеобразовательная школа 18 с углубленным изучением английского языка\" Вахитовского района города Казани","Пыркова","А.","И.","ж",11,11,24.5,null,24.5,100,"Участник","Бухарина И.В..","МАОУ \"Школа №18\""]
[615,"МБОУ \"Татаро-английская гимназия №16\" Приволжского района ","Королева","С.","С.","Ж",10,11,24,null,24,100,"Участник","Хабирова Айгуль Азхаровна","МБОУ \"Татаро-английская гимназия №16\" Приволжского района "]
[616,"Федеральное государственное казенное образовательное учреждение \"Казанское суворовское училище министерства обороны Российской Федерации'","Черанев","И.","В.","м",11,11,24,null,24,100,"Участник","Романова Оксана Александровна","ФГКОУ\"Казанское суворовское военное училище\""]
[617,"Муниципальное бюджетное общеобразовательное учреждение «Средняя общеобразовательная школа №169» Советского района г.Казани ","Зиганшин","А.","Ф.","м",11,11,23.5,null,23.5,100,"Участник","Кадырова Г.Р.","МБОУ \"Школа №169\""]
[618,"МБОУ \"Средняя общеобразовательная школа №55 с углубленным изучением отдельных предметов\"","Аюпов","Я.","М.","м",11,11,23,null,23,100,"Участник","ФатхееваАлёнаВалереьвна","МБОУ\"Школа№55\""]
[619,"Муниципальное бюджетное общеобразовательное учреждение «Гимназия 18 с татарским языком обучения - «Галэм» Приволжского района г.Казани","Газизова","Д.","А.","ж",11,11,23,null,23,100,"Участник","Усманова Эльимира Расыховна","МБОУ \"Гимназия №18 - \"Галэм\" Приволжского района г. Казани"]
[620,"МАОУ \"Лицей №146 \"Ресурс\"","Гатауллина","А.","Х.","ж",11,11,23,null,23,100,"Участник","Дусталева Г.А","МАОУ \"Лицей 146 \"Ресурс\""]
[621,"МБОУ \"Политехнический лицей №182\" ","Дубровина","Е.","Д.","ж",11,11,23,null,23,100,"Участник","Чиркова Людмила Владимировна","МБОУ \"Лицей №182\""]
[622,"МАОУ \"Лицей №146 \"Ресурс\"","Мандич","М.","М.","ж",11,11,23,null,23,100,"Участник","Дусталева Г.А","МАОУ \"Лицей 146 \"Ресурс\""]
[623,"Специализированный учебный научный центр – общеобразовательная школа-интернат «IT-лицей» федерального государственного автономного образовательного учреждения высшего образования «Казанский (Приволжский) федеральный университет»","Бадертдинов","А.","И.","м",11,11,21.5,null,21.5,100,"Участник","Белякова Ксения Валерьевна","СУНЦ IT-лицей КФУ"]
[624,"Муниципальное бюджетное общеобразовательное учреждение \"Гимназия&nbsp;№96\" Вахитовского района г.&nbsp;Казани.","Соколов","И.","А.","м",11,11,21,null,21,100,"Участник","Гиниатуллина В.И.","МБОУ \"Гимназия №96\""]
[625,"Муниципальное бюджетное общеобразовательное учреждение \"Гимназия №8 - Центр образования\" Советского района г.Казани","Уткин","Д.","А.","м",11,11,21,null,21,100,"Участник","Гайфуллина Эльвира Рашатовна","Гимназия №8-Центр Образования"]
[626,"Специализированный учебный научный центр – общеобразовательная школа-интернат «IT-лицей» федерального государственного автономного образовательного учреждения высшего образования «Казанский (Приволжский) федеральный университет»","Низамбиев","Д.","А.","м",11,11,20.5,null,20.5,100,"Участник","Белякова Ксения Валерьевна","СУНЦ IT-лицей КФУ"]
[627,"МАОУ \"Средняя общеобразовательная школа 18 с углубленным изучением английского языка\" Вахитовского района города Казани","Романенко","П.","Д.","ж",11,11,20.5,null,20.5,100,"Участник","Бухарина И.В..","МАОУ \"Школа №18\""]
[628,"Муниципальное автономное общеобразовательное учреждение \"Гимназия №141\" Советского района г.Казани","Грязнова","К.","А.","ж",11,11,19.5,null,19.5,100,"Участник","Гармашова Юлия Николаевна","МАОУ \"Гимназия №141\""]
[629,"МБОУ \"Русско-татарская средняя общеобразовательная школа № 129\"","Саитова","Л.","А.","ж",11,11,19.5,null,19.5,100,"Участник","Олексенко Ольга Александровна","МБОУ «Школа №129» г. Казани РТ"]
[630,"МБОУ \"Гимназия №75\"","Фомина ","А.","Д.",null,11,11,19.5,null,19.5,100,"Участник","Артамошина Марина Александровна","МБОУ \"Гимназия №75\""]
[631,"МБОУ \"Школа №62\"","Бунчеева","А.","С.","ж",11,11,19,null,19,100,"Участник","Шагеева Р.Ф.","МБОУ \"Школа № 62\" Авиастроительного района г.Казани"]
[632,"Муниципальное бюджетное общеобразовательное учреждение \"Средняя общеобразовательная школа №171 с углубленным изучением отдельных предметов\" Советского района г.Казани","Каримов","А.","А.","м",11,11,19,null,19,100,"Участник","Хуснутдинова Гульнур Гумаровна","МБОУ \"Школа 171\""]
[633,"Муниципальное бюджетное общеобразовательное учреждение \"Средняя общеобразовательная школа №171 с углубленным изучением отдельных предметов\" Советского района г.Казани","Абрамов","В.","Д.","м",11,11,18.5,null,18.5,100,"Участник","Хуснутдинова Гульнур Гумаровна","МБОУ \"Школа 171\""]
[634,"МБОУ \"Средняя общеобразовательная русско-татарская школа № 87\"","Саляхиев","А.","А.","м",11,11,18.5,null,18.5,100,"Участник","Ильясова Людмила Сергеевна","МБОУ «Школа №87\""]
[635,"Муниципальное бюджетное общеобразовательное учреждение «Гимназия №21» Приволжского района г. Казани.","Шакиров","Э.","Э.","м",11,11,18,null,18,100,"Участник","Франк Наталья Николаевна","МБОУ \"Гимназия №21\""]
[636,"МБОУ \"Средняя общеобразовательная школа №64\"","Абдуллин","В.","Е.","м",11,11,17.5,null,17.5,100,"Участник","Галеева Мадина Анваровна","МБОУ \"Школа №64\""]
[637,"МБОУ \"Лицей 170\"","Батаршина","А.","А.","ж",11,11,17.5,null,17.5,100,"Участник","Волкова Наталья Витальевна","МБОУ «Многопрофйильный лицей №170»"]
[638,"МБОУ \"Гимназия №9\"","Галанин","Д.","С.","м",11,11,17.5,null,17.5,100,"Участник","Ахметзянова Анна Александровна","МБОУ \"Гимназия №9\""]
[639,"МБОУ \"Гимназия №102 имени М.С.Устиновой\"","Закиров","К.","Ш.","м",11,11,17.5,null,17.5,100,"Участник","Анненкова Н.В.","МБОУ \"Гимназия №102\""]
[640,"МБОУ «Татарско-русская средняя общеобразовательная школа №68 с углублённым изучением отдельных предметов» Приволжского района г. Казани","Маркин","В.","И.","м",11,11,17.5,null,17.5,100,"Участник","Шарафиева Идьсия Амировна","МБОУ \"Школа 68\""]
[641,"МБОУ \"Лицей №145\"","Викторова","А.","О.","ж",11,11,17,null,17,100,"Участник","Фомина Евгения Александровна","Муниципальное бюджетное общеобразовательное учреждение \"Лицей №145\" Авиастроительного района г. Казани"]
[642,"МБОУ \"Лицей №78 \"Фарватер\" Приволжского района г.Казани","Нестерова","А.","А.","ж",11,11,17,null,17,100,"Участник","Тумакаева Зухра Наилевна","МБОУ \"Лицей №78 \"Фарватер\" Приволжского района г.Казани"]
[643,"Федеральное государственное казенное образовательное учреждение \"Казанское суворовское училище министерства обороны Российской Федерации'","Тихомиров","Е.","А.","м",11,11,17,null,17,100,"Участник","Романова Оксана Александровна","ФГКОУ\"Казанское суворовское военное училище\""]
[644,"МБОУ «Средняя общеобразовательная школа №151 с углубленным изучением отдельных предметов» ","Мясникова","Д.","Д.","ж",11,11,15,null,15,100,"Участник","Тимофеева Наталья Владимировна","МБОУ \"Средняя общеобразовательная школа №151 с углубленным изучением отдельных предметов\" Кировского района города Казани"]
[645,"МБОУ \"Гимназия № 122 имени Ж. А. Зайцевой\"","Строева","А.","В.","ж",11,11,15,null,15,100,"Участник","Садыков Жаудат Назипович","МБОУ \"Гимназия №122 имени Ж.А. Зайцевой\""]
[646,"МБОУ «Русско-татарская средняя общеобразовательная школа №136» Приволжского района города Казани","Алиева","А.","З. к.","ж",11,11,14,null,14,100,"Участник","Фархутдинова Р.Р.","МБОУ «Русско-татарская средняя общеобразовательная школа №136» Приволжского района города Казани"]
[647,"МБОУ \"Гимназия №4 с татарским языком обучения\" ","Шагиахметова","Л.","Р.","ж",11,11,13.5,null,13.5,100,"Участник","Гайнутдинова Ильмира Альбертовна","МБОУ \"Гимназия №4\" Кировского района г. Казани"]
[648,"МБОУ «Средняя общеобразовательная татарско-русская школа №80 с углубленным изучением отдельных предметов имени К.Насыри» Вахитовского района г. Казани","Алиева","К.",null,"ж",11,11,13,null,13,100,"Участник","Султанбеков А.Б.","МБОУ \"Школа №80 имени Каюма Насыри\" Вахитоаского района г. Казани"]
[649,"МБОУ \"Лицей 170\"","Волков","С.","А.","м",11,11,13,null,13,100,"Участник","Волкова Наталья Витальевна","МБОУ «Многопрофйильный лицей №170»"]
[650,"МБОУ \"Средняя общеобразовательная татарско-русская школа №34\" ","Галеева","А.","А.","ж",11,11,13,null,13,100,"Участник","Лебедева Оксана Валерьевна","МБОУ \"Школа №34\" Московского района г. Казани"]
[651,"МБОУ \"Лицей №78 \"Фарватер\" Приволжского района г.Казани","Хакимова","С.","И.","ж",11,11,13,null,13,100,"Участник","Тумакаева Зухра Наилевна","МБОУ \"Лицей №78 \"Фарватер\" Приволжского района г.Казани"]
[652,"Муниципальное бюджетное общеобразовательное учреждение «Гимназия 18 с татарским языком обучения - «Галэм» Приволжского района г.Казани","Шайхаттарова","К.","Р.","ж",11,11,13,null,13,100,"Участник","Усманова Эльимира Расыховна","МБОУ \"Гимназия №18 - \"Галэм\" Приволжского района г. Казани"]
[653,"МБОУ  \"ШКОЛА №32\"","Линсцер","Г.","А.","м",11,11,12.5,null,12.5,100,"Участник","Салахов Динар Дамирович","МБОУ \"Школа №32\""]
[654,"МБОУ «Средняя общеобразовательная школа №151 с углубленным изучением отдельных предметов» ","Файзрахманова","К.","Р.","ж",11,11,12.5,null,12.5,100,"Участник","Тимофеева Наталья Владимировна","МБОУ \"Средняя общеобразовательная школа №151 с углубленным изучением отдельных предметов\" Кировского района города Казани"]
[655,"МБОУ \"Школа №71\" г.Казани","Жукова","В.","В.","ж",11,11,11.5,null,11.5,100,"Участник","Сагдиева Римма Фаридовна","МБОУ \"Школа №71\" г.Казани"]
[656,"Муниципальное бюджетное общеобразовательное учреждение \"Средняя общеобразовательная школа №171 с углубленным изучением отдельных предметов\" Советского района г.Казани","Ким","М.","А.","м",11,11,11.5,null,11.5,100,"Участник","Хуснутдинова Гульнур Гумаровна","МБОУ \"Школа 171\""]
[657,"Муниципальное автономное общеобразовательное учреждение \"Гимназия №141\" Советского района г.Казани","Баранова","Ю.","А.","ж",11,11,11,null,11,100,"Участник","Гармашова Юлия Николаевна","МАОУ \"Гимназия №141\""]
[658,"Муниципальное бюджетное общеобразовательное учреждение «Лицей №83 - Центр образования» Приволжского района г. Казани","Гатауллин","А.","Д.","м",11,11,11,null,11,100,"Участник","Ануфриева Лариса Анатольевна","МБОУ \"Лицей №83-ЦО\" Приволжского района г.Казани"]
[659,"Муниципальное бюджетное общеобразовательное учреждение \"Средняя общеобразовательная школа №171 с углубленным изучением отдельных предметов\" Советского района г.Казани","Корнилов","С.","С.","м",11,11,11,null,11,100,"Участник","Хуснутдинова Гульнур Гумаровна","МБОУ \"Школа 171\""]
[660,"Муниципальное бюджетное общеобразовательное учреждение \"Средняя общеобразовательная школа №15 с углубленным изучением отдельных предметов\" Советского района г.Казани","Летов","А.","В.","м",11,11,11,null,11,100,"Участник","Филатов И.А.","МБОУ \"Школа №15\""]
[661,"МБОУ «Средняя общеобразовательная татарско-русская школа №80 с углубленным изучением отдельных предметов имени К.Насыри» Вахитовского района г. Казани","Касумов","К.","А. о.","м",11,11,10.5,null,10.5,100,"Участник","Султанбеков А.Б.","МБОУ \"Школа №80 имени Каюма Насыри\" Вахитоаского района г. Казани"]
[662,"Муниципальное бюджетное общеобразовательное учреждение «Лицей №83 - Центр образования» Приволжского района г. Казани","Юзова","М.","Е.","ж",11,11,10.5,null,10.5,100,"Участник","Волкова Эльвира Николаевна","МБОУ \"Лицей№83-ЦО\"Приволжского района г.Казани"]
[663,"МБОУ \"Средняя общеобразовательная татарско-русская школа №34\" ","Галеева","А.","Д.","ж",11,11,10,null,10,100,"Участник","Лебедева Оксана Валерьевна","МБОУ \"Школа №34\" Московского района г. Казани"]
[664,"Муниципальное бюджетное общеобразовательное учреждение «Средняя общеобразовательная школа №73» Приволжского района г.Казани","Кононович","М.","Ю.","м",11,11,10,null,10,100,"Участник","Усманова Гузель Адгамовна","МБОУ \"СОШ №73\" г.Казань"]
[665,"МБОУ \"Татарская гимназия №17 имени Г.Ибрагимова\"","Шайхутдинова","С.","М.","ж",11,11,10,null,10,100,"Участник","Фархутдинов Ильшат Мансурович","Муниципальное бюджетное общеобразовательное учреждение «Татарская гимназия №17 имени Г. Ибрагимова» Московского района г. Казани"]
[666,"Муниципальное бюджетное общеобразовательное учреждение «Русско-татарская средняя общеобразовательная школа №97» Приволжского района г. Казани. ","Старинец","Д.","Д.","ж",11,11,9.5,null,9.5,100,"Участник","Тюгаев Ильяс Асиятович","Школа №97"]
[667,"Муниципальное бюджетное общеобразовательное учреждение «Лицей №83 - Центр образования» Приволжского района г. Казани","Егоров","А.","А.","м",11,11,9,null,9,100,"Участник","Волкова Эльвира Николаевна","МБОУ \"Лицей№83-ЦО\"Приволжского района г.Казани"]
[668,"МБОУ \"Школа №71\" г.Казани","Салимзянова","Е.","А.","ж",11,11,9,null,9,100,"Участник","Сагдиева Римма Фаридовна","МБОУ \"Школа №71\" г.Казани"]
[669,"Муниципальное бюджетное общеобразовательное учреждение «Многопрофильный лицей №185» Советского района г.Казани","Соломатин","К.","Е.","м",11,11,9,null,9,100,"Участник","Петрова Т.А","МБОУ \"Многопрофильный лицей №185\""]
[670,"МБОУ \"Многопрофильный лицей №187\" Советского района","Хабибуллин","И.","И.","М",10,11,9,null,9,100,"Участник","Файзуллина Альбина Маликовна","МБОУ \"Многопрофильный лицей №187\" Советского района"]
[671,"МБОУ \"Гимназия №102 имени М.С.Устиновой\"","Ярмиев","А.","И.","м",11,11,8,null,8,100,"Участник","Анненкова Н.В.","МБОУ \"Гимназия №102\""]
[672,"Муниципальное бюджетное общеобразовательное учреждение \"Гимназия&nbsp;№96\" Вахитовского района г.&nbsp;Казани.","Миронюк","О.","И.","м",11,11,7,null,7,100,"Участник","Гиниатуллина Венера Ильдаровна","МБОУ \"Гимназия №96\""]
[673,"МБОУ «Средняя общеобразовательная школа №151 с углубленным изучением отдельных предметов» ","Выдренкова","П.","Д.","ж",11,11,6,null,6,100,"Участник","Тимофеева Наталья Владимировна","МБОУ \"Средняя общеобразовательная школа №151 с углубленным изучением отдельных предметов\" Кировского района города Казани"]
[674,"Муниципальное бюджетное общеобразовательное учреждение «Средняя общеобразовательная русско-татарская школа №161» Советского района г. Казани","Ибрагимов","Ю.","А. о.","М",11,11,6,null,6,100,"Участник","Ганеева Алсу Фиргатовна","МБОУ \"Школа № 161\""]
[675,"Муниципальное бюджетное общеобразовательное учреждение \"Гиимназия №184им.М.И.Махмутова\"Советского района г.Казани","Гребенщиков","Т.","Д.","м",11,11,5,null,5,100,"Участник","Фазылзянова И.И.","МБОУ \"Гимназия №184\""]
[676,"Муниципальное бюджетное общеобразовательное учреждение «Средняя общеобразовательная русско-татарская школа №161» Советского района г. Казани","Лямина","А.","Д.","ж",11,11,5,null,5,100,"Участник","Ганеева Алсу Фиргатовна","МБОУ \"Школа № 161\""]
[677,"Муниципальное бюджетное общеобразовательное учреждение \"Гиимназия №184им.М.И.Махмутова\"Советского района г.Казани","Тимербаев","К.","И.","м",11,11,5,null,5,100,"Участник","Фазылзянова И.И.","МБОУ \"Гимназия №184\""]
[678,"Муниципальное бюджетное образовательное учреждение \"Гимназия № 90\" Советского района города Казани","Косарева","К.","Н.","ж",11,11,4,null,4,100,"Участник","Михайлова Тамара Борисовна","МБОУ \"Гимназия № 90\" Советского района г. Казани"]
[679,"Муниципальное бюджетное общеобразовательное учреждение \"Гиимназия №184им.М.И.Махмутова\"Советского района г.Казани","Шамсутдинов","И.","Р.","м",11,11,4,null,4,100,"Участник","Фазылзянова И.И.","МБОУ \"Гимназия №184\""]
[680,"МБОУ \"Гимназия № 122 имени Ж. А. Зайцевой\"","Мищенко","М.","С.","м",11,11,3,null,3,100,"Участник","Чайковская Светлана Валентиновна","МБОУ \"Гимназия №122 имени Ж.А.Зайцевой\""]
[681,"МБОУ «Татарско-русская средняя общеобразовательная школа №68 с углублённым изучением отдельных предметов» Приволжского района г. Казани","Терентьев","О.","С.","м",11,11,3,null,3,100,"Участник","Шарафиева Идьсия Амировна","МБОУ \"Школа 68\""]
[682,"Муниципальное бюджетное общеобразовательное учреждение \"Средняя общеобразовательная русско-татарская школа №124\"","Нестягина","Д.","М.","ж",11,11,2,null,2,100,"Участник","Гимадеева Лилия Хайдяровна","Муниципальное бюджетное общеобразовательное учреждение \"Средняя общеобразовательная русско-татарская школа №124\""]
[683,"Муниципальное бюджетное общеобразовательное учреждение «Многопрофильный лицей №187» Советского района г.Казани","Смирнова","А.","В.","ж",11,11,2,null,2,100,"Участник","Файзуллина А.М.","МБОУ \"Многопрофильный лицей №187"]